{"text_format":"1","workbook":"xlsx","n_sheets":3,"sheets":["original","changed","macros"],"not_rendered":{"charts":0,"images":0,"macros":1,"external_links":0,"defined_names":2,"comments":0,"pivot_tables":0},"unopened":[],"bounds":{"document_bytes":16777216,"sheet_cells":100000,"rows_first":2000,"rows_last":500,"rows_between":2000,"halvings":0,"cell_chars":16384,"cell_head_chars":4096},"cells_cut":0,"cells_raw":0,"read":"whole","date_system":"1900"}

{"sheet":"original","index":0,"n_rows":400,"n_cols":8,"rows_kept":400,"cut":false,"hidden":false,"merged":[]}
[null,null,null,null,null,null,null,"Date: 07/14/13"]
["Item Number","Description","location","ABC","Qty on Hand","UM","GL Cost","Ext GL Cost"]
["00073411-01-0000","Bushing Втулка стальная","ASSY","B",59045,"EA",0.69294999999999995,40915.089999999997]
["00078935-01-S751","Thermoplastic - PP, Othe Полиофин HostacomTRC352N","ASSY","A",7572973.2199999997,"G",7.639E-2,578480.49]
["00110806-04-S751","Carrier - Door Trim Stru Несущ.конст. пл дверь","ASSY","B",112,"EA",142.13882000000001,15919.55]
["00110807-04-S751","Carrier - Door Trim Stru Несущ.конст. пп дверь","ASSY","B",112,"EA",142.13882000000001,15919.55]
["00110811-03-S752","Non Core Hook - Pillar - Upper B","ASSY","B",28776,"EA",1.78332,51316.82]
["00110822-01-S751","Pocket - Map Карман ЗЛ дверь","ASSY","B",3160,"EA",35.101500000000001,110920.74]
["00110823-01-S751","Pocket - Map Карман ЗП дверь","ASSY","B",3380,"EA",35.101500000000001,118643.07]
["00110868-02-S755","Armrest Assembly - Door Подлокотник с ткань ЗП","ASSY","B",25,"EA",164.31614999999999,4107.8999999999996]
["00110938-02-S751","Cover - Grab Handle Накладка ручки ПЛ","ASSY","A",5991,"EA",76.348910000000004,457406.33]
["00110939-02-S751","Cover - Grab Handle Накладка на ручку ЗЛ","ASSY","A",108,"EA",76.348910000000004,8245.68]
["00110940-02-S751","Cover - Grab Handle Накладка на ручку П/З П","ASSY","A",2834,"EA",76.348910000000004,216372.82]
["00110941-02-S751","Cover - Grab Handle Накладка на ручку ПЛзер","ASSY","A",1416,"EA",76.348910000000004,108110.06]
["00110943-02-S445","Switch - Window Переключатель 1 кн CL","ASSY","B",914,"EA",58.738869999999999,53687.33]
["00110967-02-S755","Skin - Armrest Shaped Флисовое полотно передне","ASSY","B",59,"EA",52.282409999999999,3084.66]
["00110968-02-S755","Skin - Armrest Shaped Флисовое полотно заднее","ASSY","B",2081,"EA",50.207700000000003,104482.23]
["00110969-01-S751","Switch - Mirror Повор переключ зерк","ASSY","B",1501,"EA",96.075149999999994,144208.79999999999]
["00110970-01-S751","Module Assembly Кнопоч перекл салона","ASSY","B",15052,"EA",59.92933,902056.24]
["00110971-02-S751","Handle - Grab FRONT - Driver-Side","ASSY","B",5674,"EA",151.49449999999999,859579.82]
["00110972-02-S751","Handle - Grab FRT/RR- Co-Driver-Side","ASSY","B",11355,"EA",151.49449999999999,1720220.09]
["00110973-02-S751","Handle - Grab REAR - Driver-Side","ASSY","B",2027,"EA",151.49449999999999,307079.36]
["00110983-02-S661","Handle - Release LEFT","ASSY","B",12589,"EA",34.170290000000001,430169.74]
["00110984-02-S661","Handle - Release RIGHT","ASSY","B",287,"EA",34.170290000000001,9806.8700000000008]
["00110988-01-S887","Switch - Window 1 BUTTON (CTRL CURRENT)","ASSY","B",15924,"EA",44.299370000000003,705423.23]
["00110989-02-S445","Switch - Window Переключатель 1 кн TL","ASSY","B",4415,"EA",54.323909999999998,239840.08]
["00110990-02-s445","Switch - Window Переключатель 2 кн","ASSY","A",6795,"EA",302.57821999999999,2056018.98]
["00110991-01-S887","Switch - Window 4 BUTTON (CTRL CURRENT)","ASSY","B",13775,"EA",151.92023,2092701.12]
["00110993-01-S445","Bezel - DT Облицовка с 1 кн для HL","ASSY","B",27397,"EA",7.3402799999999999,201101.57]
["00110994-01-S445","Bezel - DT Облицовка с 1 кн TL CL","ASSY","B",11742,"EA",7.3402799999999999,86189.53]
["00110995-01-S445","Bezel - DT Облицовка с 2 кн TL CL","ASSY","B",4393,"EA",12.95856,56926.97]
["00110996-01-S445","Bezel - DT Накладна переключателя 4","ASSY","B",10773,"EA",12.95856,139602.62]
["00111649-01-0000","Seal - Door Trim Уплотнитель пластик","ASSY","B",42200,"EA",1.2075,50956.5]
["00111650-01-0000","Clip - Trim Клипса для двери","ASSY","B",348165,"EA",2.3858899999999998,830684.78]
["00111651-02-0000","Insulator BUMPER - Door Release Ha","ASSY","B",32896,"EA",3.1037499999999998,102100.88]
["00111652-01-0000","Bushing METAL BUSH - Grab Handle","ASSY","B",142852,"EA",1.27386,181973.45]
["00111654-02-0000","Spring - Shaft Axis Shaft","ASSY","B",7054,"EA",11.67225,82336.06]
["00111850-01-0000","Indicator - LED Светодиодная лампочка","ASSY","B",78,"EA",13.481389999999999,1051.55]
["00111852-01-S751","Bezel - DT Облицовка индикатора","ASSY","B",6478,"EA",2.82158,18278.2]
["00112079-01-0000","Screw Винт 4.0x1.8x12.0","ASSY","B",77891,"EA",0.35270000000000001,27471.77]
["00112165-01-0000","Clip - Trim 4.2 Tab to 8.0 Slot 2.5","ASSY","B",7089,"EA",1.2033199999999999,8530.34]
["00112166-01-0000","Pin - Retaining Клипса 8.2 X 0.7-1.5","ASSY","B",19530,"EA",0.67635000000000001,13209.06]
["00112743-01-0000","Pin - Retaining Клипса пласт для порога","ASSY","C",102,"EA",0.31949,32.590000000000003]
["00112938-03-S752","Non Core Reinforcement Hook - Pil","ASSY","C",2623,"EA",8.5249500000000005,22360.94]
["00112939-03-S752","Non Core Reinforcement Hook - Pil","ASSY","C",2242,"EA",8.5249500000000005,19112.939999999999]
["00112992-03-S752","Non Core HANDLE LH - for Seat Bel","ASSY","C",1431,"EA",4.7594399999999997,6810.76]
["00112993-03-S752","Non Core HANDLE RH - for Seat Bel","ASSY","C",5158,"EA",4.7594399999999997,24549.19]
["00112994-04-S752","Non Core SLIDER LH - for Seat Bel","ASSY","C",6651,"EA",18.634879999999999,123940.55]
["00112995-04-S752","Non Core SLIDER RH - for Seat Bel","ASSY","C",5722,"EA",18.634879999999999,106628.75]
["00112996-01-0000","Spring Пружина стальная","ASSY","C",45855,"EA",0.49791999999999997,22832.14]
["00113001-02-0000","Foam - Strip Уплотнитель  55*30*36","ASSY","C",508,"EA",2.2050000000000001,1120.1400000000001]
["00113002-03-0000","Foam - Strip Support Block - Rear-Wit","ASSY","C",15664,"EA",4.9035000000000002,76808.42]
["00113003-01-0000","Foam - Strip Уплотнитель 60*50*21","ASSY","C",23084,"EA",2.2469999999999999,51869.75]
["00113135-01-0000","Clip - Trim 10.0 Клипса 6.0x15.0","ASSY","C",698003,"EA",0.56015999999999999,390996.5]
["00113267-04-S751","Cap - IT Top Tether Cover","ASSY","C",35002,"EA",5.8146899999999997,203525.78]
["00113268-02-0000","Insulator Felt Pad - 80x15x2","ASSY","C",49604,"EA",0.83526,41432.46]
["00113269-02-0000","Insulator Шумоиз.панель 278*267*10","ASSY","C",1913,"EA",19.729500000000002,37742.53]
["00113270-04-0000","Insulator Шумоизоляционная панель","ASSY","C",6240,"EA",29.021999999999998,181097.28]
["00113557-02-0000","Spring Handle Release Lever - L","ASSY","C",27081,"EA",1.7605900000000001,47678.47]
["00113558-01-0000","Spring Handle Release Lever - R","ASSY","C",28906,"EA",1.7605900000000001,50891.54]
["00114036-01-S751","Thermoplastic - PP, Copo Полиофин 9067 Чёрный","ASSY","A",314032,"G",7.3450000000000001E-2,23064.87]
["00114036-01-S752","Thermoplastic - PP, Copo Полиофин Hostacom9067HS","ASSY","A",4608720,"G",7.3450000000000001E-2,338498.96]
["00127817-01-S839","Insulator - NVH IT Фетровая лента самоклеющ","ASSY","C",14090,"EA",0.28008,3946.28]
["00127840-03-S839","Insulator - NVH IT Felt Pad B-Pillar","ASSY","C",4040,"EA",0.95352999999999999,3852.25]
["00132937-01-S445","Switch - Window Переключатель 2 кн CL","ASSY","A",36,"EA",140.87619000000001,5071.54]
["00133626-02-S751","Insulator Insulator - Felt Pad - 3","ASSY","C",62828,"EA",0.46431,29171.67]
["00133628-02-S751","Insulator Insulator - Felt Pad - 5","ASSY","C",398411,"EA",0.62241000000000002,247974.39]
["00136345-01-0000","Bumper - Console - Tempo","ASSY","C",93118,"EA",1.55602,144893.1]
["00138277-01-V106","Thermoplastic - PP, Copo ПластикHostacom X M2V05","ASSY","C",1000000,"G",7.0669999999999997E-2,70665]
["00144985-01-0000","Housing - IP Right IP rib (nervure mo","ASSY","C",2,"EA",5.4400500000000003,10.88]
["00151087-01-0000","Clip - Trim 1.8 Tab Single Sided Pus","ASSY","C",5,"EA",2.7883900000000001,13.94]
["00151088-01-0000","Clip - Trim 1.85 Tab to 8.0x15.0 Slo","ASSY","C",17382,"EA",1.68465,29282.61]
["00151089-01-0000","Nut 4.0 Plastic U-Style 2.5-","ASSY","C",24,"EA",1.65561,39.729999999999997]
["00151100-01-0000","Nut M5.0x0.8 0.5-4.0 Panel U","ASSY","C",6,"EA",4.3070700000000004,25.84]
["00155897-01-0000","Adhesive - Polyurethane SikaCure-4901 BL (Black)","ASSY","C",9.6,"G",0.79461000000000004,7.63]
["00158509-01-V106","Thermoplastic - Other Roll - TEPEO-SF 503719 -","ASSY","C",4.59,"M",180.49879000000001,828.49]
["00178474-01-0000","Screw 4.0X1.8X12.0 PAN FLG HD","ASSY","C",6326,"EA",0.89627000000000001,5669.8]
["ae80138","Pallet Box AE 80138 090919E-V10 VW2","ASSY","C",-687107.46,"EA",0,0]
["BAC-O-6422","Tote Plastic box Renault/Niss","ASSY","C",-11,"EA",0,0]
["00110806-04-S751","Carrier - Door Trim Stru Несущ.конст. пл дверь","EXWH","B",2710,"EA",142.13882000000001,385196.21]
["00110807-04-S751","Carrier - Door Trim Stru Несущ.конст. пп дверь","EXWH","B",2928,"EA",142.13882000000001,416182.47]
["00110808-04-S751","Carrier - Door Trim Stru Несущ.конст. зл дверь","EXWH","B",2350,"EA",139.31432000000001,327388.65000000002]
["00110809-04-S751","Carrier - Door Trim Stru Несущ.конст. зп дверь","EXWH","B",2722,"EA",139.31432000000001,379213.58]
["00110816-02-S751","Medallion FRONT Door - Drivers-Sid","EXWH","B",4800,"EA",99.186139999999995,476093.46]
["00110817-02-S751","Medallion FRONT Door - Co-Drivers-","EXWH","B",4000,"EA",99.186139999999995,396744.55]
["00110818-03-S751","Medallion REAR Door - Drivers-Side","EXWH","B",3000,"EA",93.189719999999994,279569.15000000002]
["00110819-03-S751","Medallion REAR Door - Co-Drivers-S","EXWH","B",2800,"EA",93.189719999999994,260931.21]
["00110820-01-S751","Pocket - Map Карман ПЛ дверь","EXWH","B",4456,"EA",85.447370000000006,380753.47]
["00110821-01-S751","Pocket - Map Карман ПП дверь","EXWH","B",4160,"EA",85.447370000000006,355461.05]
["00110822-01-S751","Pocket - Map Карман ЗЛ дверь","EXWH","B",1609,"EA",35.101500000000001,56478.31]
["00110823-01-S751","Pocket - Map Карман ЗП дверь","EXWH","B",1470,"EA",35.101500000000001,51599.21]
["00110938-02-S751","Cover - Grab Handle Накладка ручки ПЛ","EXWH","A",4176,"EA",76.348910000000004,318833.06]
["00110939-02-S751","Cover - Grab Handle Накладка на ручку ЗЛ","EXWH","A",8352,"EA",76.348910000000004,637666.12]
["00110940-02-S751","Cover - Grab Handle Накладка на ручку П/З П","EXWH","A",11136,"EA",76.348910000000004,850221.49]
["00110941-02-S751","Cover - Grab Handle Накладка на ручку ПЛзер","EXWH","A",8352,"EA",76.348910000000004,637666.12]
["00112520-01-S752","Pillar Assembly - A Uppe Облиц стойк А верх ЛЕВАЯ","EXWH","A",340,"EA",102.37752,34808.36]
["00112520-02-S752","Pillar Asy - A Upper Облиц стойк А верх ЛЕВАЯ","EXWH","C",1680,"EA",102.3028,171868.7]
["00112521-01-S752","Pillar Assembly - A Uppe Облиц стойк А верх ПРАВ","EXWH","A",340,"EA",102.43897,34829.25]
["00112521-02-S752","Pillar Asy - A Upper Облиц стойк А верх ПРАВ","EXWH","C",1680,"EA",102.3028,171868.7]
["00112524-03-S752","Pillar Assembly - C Облиц стойк С верх ЛЕВАЯ","EXWH","A",2181,"EA",77.683589999999995,169427.9]
["00112525-03-S752","Pillar Assembly - C Облиц стойк С верх ПРАВ","EXWH","A",2283,"EA",77.683589999999995,177351.63]
["00112526-01-S751","Pillar Assembly - A Low Облиц стойки А ниж ЛЕВАЯ","EXWH","A",2754,"EA",43.892029999999998,120878.66]
["00112527-01-S751","Pillar Assembly - A Lowe Облиц стойки А ниж ПРАВ","EXWH","A",2606,"EA",44.568379999999998,116145.2]
["00112528-01-S751","Pillar Assembly - B Облиц стойк В ниж ЛЕВАЯ","EXWH","A",2060,"EA",84.841279999999998,174773.03]
["00112529-01-S751","Pillar Assembly - B Облиц стойк В ниж ПРАВАЯ","EXWH","A",2060,"EA",84.841279999999998,174773.03]
["00112531-03-S751","Trim - Floor Накладка в сборе ЛЕВАЯ","EXWH","A",2160,"EA",145.30481,313858.38]
["00112532-03-S751","Trim - Floor Накладка в сборе ПРАВАЯ","EXWH","A",2406,"EA",145.30481,349603.36]
["00112535-02-S751","Trim - Housing Wheel Обивка подкрыл ЛЕВАЯ","EXWH","A",2099,"EA",81.150049999999993,170333.95]
["00112536-02-S751","Trim - Housing Wheel Обивка подкрыл ПРАВАЯ","EXWH","A",2074,"EA",81.150049999999993,168305.2]
["00112538-02-S751","Trim - Trunk Обивка задней двери","EXWH","A",2193,"EA",138.53970000000001,303817.56]
["00112539-03-S751","Trim - Trunk Покрытие замыкания в сб","EXWH","A",2191,"EA",124.84608,273537.76]
["00112548-04-S752","Panel - IT Pillar - Upper B - LHS","EXWH","B",2557,"EA",53.287019999999998,136254.91]
["00112549-04-S752","Panel - IT Pillar - Upper B - RHS","EXWH","B",2146,"EA",53.287019999999998,114353.95]
["00112564-04-S751","Trim - Tray Package Panel Moulding - Rear Sh","EXWH","B",3432,"EA",216.54208,743172.44]
["00114036-01-S751","Thermoplastic - PP, Copo Полиофин 9067 Чёрный","EXWH","A",4000000,"G",7.3450000000000001E-2,293790]
["00114036-01-S752","Thermoplastic - PP, Copo Полиофин Hostacom9067HS","EXWH","A",10000000,"G",7.3450000000000001E-2,734475]
["00141364-04-V106","Panel Assembly - IP Панель приборов","EXWH","C",467,"EA",2367.9361199999998,1105826.17]
["00141376-01-0000","Reinforcement Assembly - Airbag reinforcement ass","EXWH","C",520,"EA",240.1455,124875.66]
["00141650-01-V106","Cupholder - Console Stat Панель консоли центр","EXWH","B",1650,"EA",24.31485,40119.5]
["00141655-03-V106","Panel Assembly - Console Консоль центральная","EXWH","C",330,"EA",774.02949000000001,255429.73]
["00141674-03-V106","Bezel - Console Панель центр консоли","EXWH","C",2912,"EA",66.876599999999996,194744.66]
["00141770-01-V106","Trim Assembly - IP Decor Облицовка панели лев","EXWH","B",3600,"EA",21.26145,76541.22]
["00141829-01-V106","Shroud Assembly - Steeri Нижн часть накладки","EXWH","B",2100,"EA",26.224799999999998,55072.08]
["00141842-02-0000","Duct Assembly - Air Воздуховод централ","EXWH","C",3312,"EA",75.166349999999994,248950.95]
["00141849-02-0000","Duct - Air Воздуховод передний","EXWH","B",3030,"EA",86.383499999999998,261742.01]
["00141853-02-0000","Duct - Air Воздуховод задний","EXWH","B",3000,"EA",45.087000000000003,135261]
["00191026-01-V106","Panel Assembly - IP Панель в сборе E1","EXWH","C",96,"EA",2308.77601,221642.5]
["00191027-01-T172","Panel Assembly - IP Панель в сборе E2","EXWH","C",78,"EA",2459.9499300000002,191876.09]
["00191027-02-T172","Panel Assembly - IP Панель приборов E2","EXWH","C",156,"EA",2460.6434399999998,383860.38]
["00110937-02-S751","Cover Assembly - Grab Ha Накладка ручки ПЛ с зер","fg","A",660,"EA",398.54052999999999,263036.75]
["00112520-02-S752","Pillar Asy - A Upper Облиц стойк А верх ЛЕВАЯ","fg","C",911,"EA",102.3028,93197.85]
["00112521-02-S752","Pillar Asy - A Upper Облиц стойк А верх ПРАВ","fg","C",773,"EA",102.3028,79080.06]
["00112522-08-S752","Pillar Assembly - B Облиц стойк В верх ЛЕВАЯ","fg","C",198,"EA",550.4153,108982.23]
["00112523-08-S752","Pillar Assembly - B Облиц стойк В верх ПРАВ","fg","C",99,"EA",550.4153,54491.11]
["00112524-03-S752","Pillar Assembly - C Облиц стойк С верх ЛЕВАЯ","fg","A",615,"EA",77.683589999999995,47775.41]
["00112525-03-S752","Pillar Assembly - C Облиц стойк С верх ПРАВ","fg","A",721,"EA",77.683589999999995,56009.87]
["00112526-01-S751","Pillar Assembly - A Low Облиц стойки А ниж ЛЕВАЯ","fg","A",2736,"EA",43.892029999999998,120088.6]
["00112527-01-S751","Pillar Assembly - A Lowe Облиц стойки А ниж ПРАВ","fg","A",2160,"EA",44.568379999999998,96267.7]
["00112528-01-S751","Pillar Assembly - B Облиц стойк В ниж ЛЕВАЯ","fg","A",1090,"EA",84.841279999999998,92476.99]
["00112529-01-S751","Pillar Assembly - B Облиц стойк В ниж ПРАВАЯ","fg","A",1094,"EA",84.841279999999998,92816.36]
["00112531-03-S751","Trim - Floor Накладка в сборе ЛЕВАЯ","fg","A",477,"EA",145.30481,69310.39]
["00112532-03-S751","Trim - Floor Накладка в сборе ПРАВАЯ","fg","A",820,"EA",145.30481,119149.94]
["00112533-04-S751","Trim - Floor Накладка в сборе ЛЕВАЯ","fg","A",1024,"EA",495.23939000000001,507125.13]
["00112535-02-S751","Trim - Housing Wheel Обивка подкрыл ЛЕВАЯ","fg","A",884,"EA",81.150049999999993,71736.639999999999]
["00112536-02-S751","Trim - Housing Wheel Обивка подкрыл ПРАВАЯ","fg","A",884,"EA",81.150049999999993,71736.639999999999]
["00112538-02-S751","Trim - Trunk Обивка задней двери","fg","A",1040,"EA",138.53970000000001,144081.29]
["00112539-03-S751","Trim - Trunk Покрытие замыкания в сб","fg","A",483,"EA",124.84608,60300.66]
["00112614-09-S751","Door Panel Assembly Дверь передняя левая TL","fg","A",66,"EA",882.36342000000002,58235.99]
["00112615-09-S751","Door Panel Assembly Дверь передняя правая TL","fg","A",66,"EA",718.37550999999996,47412.78]
["00112616-10-S751","Door Panel Assembly Дверь задняя левая TL","fg","A",66,"EA",711.00319999999999,46926.21]
["00112617-10-S751","Door Panel Assembly Дверь задняя правая TL","fg","A",66,"EA",711.00319999999999,46926.21]
["00112618-12-S755","Door Panel Assembly Дверь передняя левая HL","fg","A",228,"EA",947.22846000000004,215968.09]
["00112619-12-S755","Door Panel Assembly Дверь передняя правая HL","fg","A",152,"EA",757.90979000000004,115202.29]
["00112620-11-S755","Door Panel Assembly Дверь задняя левая HL","fg","A",88,"EA",752.72388000000001,66239.7]
["00112621-11-S755","Door Panel Assembly Дверь задняя правая HL","fg","A",33,"EA",752.72486000000004,24839.919999999998]
["00113991-09-S751","Trim - Tray Package Полка за зад сид в сб","fg","A",1204,"EA",508.56491,612312.15]
["00126217-07-S751","Door Panel Assembly Дверь передняя левая CL","fg","A",134,"EA",1044.0654500000001,139904.76999999999]
["00126218-07-S751","Door Panel Assembly Дверь передняя правая CL","fg","A",209,"EA",718.37550999999996,150140.48000000001]
["00126219-08-S751","Door Panel Assembly Дверь задняя левая CL","fg","A",319,"EA",711.00319999999999,226810.02]
["00126220-08-S751","Door Panel Assembly Дверь задняя правая CL","fg","A",242,"EA",711.00319999999999,172062.77]
["00189371-01-S751","Cover - Grab Handle Накладка на ручку RR","fg","C",20,"EA",257.24025999999998,5144.8100000000004]
["00189372-01-S751","Cover - Grab Handle Накладка на ручку FRT","fg","C",350,"EA",257.24025999999998,90034.09]
["00189373-01-S751","Cover - Grab Handle Накладка на ручку FRT/RR","fg","C",910,"EA",257.24025999999998,234088.64]
["AE80138","Pallet Box AE 80138 090919E-V10 VW2","fg","C",61,"EA",0,0]
["GT13332","Packaging Assy Durable VW0012 pallet VE001210 l","fg","C",3,"EA",0,0]
["GT13333","Packaging Assy Durable VW114999 container with","fg","C",27,"EA",0,0]
["GT13334","Packaging Assy Durable VW114888 container with","fg","C",7.2,"EA",0,0]
["GT13335","Packaging Assy Durable VW114888 container with","fg","C",6,"EA",0,0]
["GT13336","Packaging Assy Durable VW114888 container with","fg","C",5,"EA",0,0]
["GT13337","Packaging Assy Durable VW114888 container with","fg","C",11,"EA",0,0]
["GT13338","Packaging Assy Durable VW114888 container with","fg","C",24,"EA",0,0]
["GT13339","Packaging Assy Durable VW114888 container with","fg","C",9,"EA",0,0]
["GT13340","Packaging Assy Durable VW114777 container with","fg","C",6,"EA",0,0]
["GT13341","Packaging Assy Durable VW114888 container with","fg","C",7,"EA",0,0]
["GT13342","Packaging Assy Durable VW114999 container with","fg","C",13,"EA",0,0]
["VW0012","Pallet - Durable VW0012 1200x1000x165 mm","fg","C",3,"EA",0,0]
["VW114777","Pallet Box 114777 1235x835x932 VW r","fg","C",1,"EA",0,0]
["VW114888","Pallet Box 114888 1210x1010x1000 VW","fg","C",9,"EA",0,0]
["VW114999","Pallet Box 114999-1602x1202x760 VW","fg","C",2,"EA",0,0]
["00141645-02-V106","Cap Asy - Console Panel Грязезащитн дефлектор LH","FG2","C",660,"EA",294.83510000000001,194591.17]
["00141648-01-V106","Cap Assembly - Console P Грязезащитн дефлектор RH","FG2","A",660,"EA",324.98336,214489.02]
["00141650-01-V106","Cupholder - Console Stat Панель консоли центр","FG2","B",632,"EA",24.31485,15366.99]
["00141652-01-V106","Cap Assembly - Console P Крышка диагн разъема","FG2","B",559,"EA",14.912100000000001,8335.86]
["00141655-04-V106","Panel Assembly - Console Консоль централ Middle","FG2","C",435,"EA",826.98652000000004,359739.13]
["00141674-03-V106","Bezel - Console Панель центр консоли","FG2","C",2325,"EA",66.876599999999996,155488.1]
["00141736-04-V106","Box Assembly - IP Ниша вещевая пан приб","FG2","C",320,"EA",445.73993000000002,142636.78]
["00141759-02-V106","Bezel - Cluster Козырек пан приб","FG2","C",660,"EA",405.59723000000002,267694.17]
["00141764-02-V106","Panel Assembly - Lower Накладка пан приборов","FG2","C",528,"EA",350.88992000000002,185269.88]
["00141770-01-V106","Trim Assembly - IP Decor Облицовка панели лев","FG2","B",880,"EA",21.26145,18710.080000000002]
["00141772-02-v106","Panel Assembly - End Заглушка лев боковины","FG2","C",612,"EA",504.77814000000001,308924.21999999997]
["00141774-02-V106","Panel Assembly - End Заглушка пр боковины","FG2","C",643,"EA",258.09361000000001,165954.19]
["00141779-02-V106","Trim Asy-IP Decorative Облицовка панели","FG2","C",1302,"EA",219.14597000000001,285328.05]
["00141787-02-V106","Shroud Asy - Steering Нижн часть накладки","FG2","C",424,"EA",225.74601000000001,95716.31]
["00141793-02-V106","Shroud - Steering Верх часть накладки","FG2","C",420,"EA",218.39134999999999,91724.37]
["00141829-01-V106","Shroud Assembly - Steeri Нижн часть накладки","FG2","B",503,"EA",26.224799999999998,13191.07]
["00141831-01-V106","Switch Pack - IP Панель консоли","FG2","B",242,"EA",13.265700000000001,3210.3]
["00141832-03-V106","Bezel Assembly - IP Козырек для дисплея","FG2","C",479,"EA",104.54201999999999,50075.63]
["00141834-01-V106","Cap - IP Panel Заглушка поперечины","FG2","B",1124,"EA",6.9436499999999999,7804.66]
["00141841-01-0000","Bracket - IP Прижимная пластина","FG2","B",432,"EA",4.9717500000000001,2147.8000000000002]
["00141842-02-0000","Duct Assembly - Air Воздуховод централ","FG2","C",707,"EA",75.166349999999994,53142.61]
["00141849-02-0000","Duct - Air Воздуховод передний","FG2","B",410,"EA",86.383499999999998,35417.24]
["00141853-02-0000","Duct - Air Воздуховод задний","FG2","B",462,"EA",45.087000000000003,20830.189999999999]
["00144386-04-V106","Panel Assembly - Console Консоль центральная Low","FG2","C",63,"EA",699.22546,44051.199999999997]
["00191026-01-V106","Panel Assembly - IP Панель в сборе E1","FG2","C",24,"EA",2308.77601,55410.62]
["00191027-02-T172","Panel Assembly - IP Панель приборов E2","FG2","C",48,"EA",2460.6434399999998,118110.89]
["00191029-02-V358","Panel Assembly - IP Панель приборов E3","FG2","C",12,"EA",2488.8598299999999,29866.32]
["BAC-O-6422","Tote Plastic box Renault/Niss","FG2","C",344,"EA",0,0]
["BAC-O-6432","Tote - Durable Plastic box Renault/Niss","FG2","C",409,"EA",0,0]
["ECM---0906","Tote Renault/Nissan owned EPP","FG2","C",131,"EA",0,0]
["ECM---3128","Steel Rack - Durable Renault owned special co","FG2","C",38,"EA",0,0]
["ECM---3305","Steel Rack - Durable Renault owned special co","FG2","C",29,"EA",0,0]
["ECM---3388","Steel Rack - Durable Renault owned special co","FG2","C",19,"EA",0,0]
["S-404","Carton","FG2","C",2,"KG",0,0]
["SLI---0760","Steel Rack - Durable Renault owned container","FG2","C",28,"EA",0,0]
["SLI---2112","Pallet - Durable Renault/Nissan owned pal","FG2","C",71,"EA",0,0]
["00110938-02-S751","Cover - Grab Handle Накладка ручки ПЛ","hold","A",118,"EA",76.348910000000004,9009.17]
["00110939-02-S751","Cover - Grab Handle Накладка на ручку ЗЛ","hold","A",47,"EA",76.348910000000004,3588.4]
["00110941-02-S751","Cover - Grab Handle Накладка на ручку ПЛзер","hold","A",20,"EA",76.348910000000004,1526.98]
["00110971-02-S751","Handle - Grab FRONT - Driver-Side","hold","B",39,"EA",151.49449999999999,5908.29]
["00110973-02-S751","Handle - Grab REAR - Driver-Side","hold","B",58,"EA",151.49449999999999,8786.68]
["00111649-01-0000","Seal - Door Trim Уплотнитель пластик","hold","B",4770,"EA",1.2075,5759.78]
["00113003-01-0000","Foam - Strip Уплотнитель 60*50*21","hold","C",420,"EA",2.2469999999999999,943.74]
["00113135-01-0000","Clip - Trim 10.0 Клипса 6.0x15.0","hold","C",180000,"EA",0.56015999999999999,100829.61]
["00007169-01-0000","Bumper","kaluga 2","B",3673,"EA",3.4108000000000001,12527.86]
["00023516-01-0000","Bumper - IP BUTEE PALETTE T8X","kaluga 2","B",15372,"EA",1.63486,25131.08]
["00075966-01-0000","Pin - Retaining 5.0 Plastic Push In","kaluga 2","B",9657,"EA",1.37344,13263.33]
["00079721-01-RTRM","Thermoplastic - PP, Copo Hostacom CR 250F (Precol","kaluga 2","A",3200000,"G",9.0370000000000006E-2,289195.2]
["00079721-01-V106","Thermoplastic - PP, Copo Hostacom CR 250F (Precol","kaluga 2","B",19627085,"G",7.5600000000000001E-2,1483807.63]
["00108637-01-0000","Thermoplastic - PP, Homo Hostacom M2 U02 (Black)","kaluga 2","A",2200000,"G",6.0780000000000001E-2,133725.9]
["00123371-01-0000","Screw 4.0x1.8x14.0 Pan Flange","kaluga 2","C",19416,"EA",0.68879999999999997,13373.74]
["00138277-01-V106","Thermoplastic - PP, Copo ПластикHostacom X M2V05","kaluga 2","C",13300000,"G",7.0669999999999997E-2,939844.5]
["00141369-01-V106","Panel - IP Insert","kaluga 2","C",904,"EA",136.95643999999999,123808.62]
["00141370-01-0000","Pad - Foam Cluster felt (feutrine c","kaluga 2","C",21128,"EA",0.47303000000000001,9994.07]
["00141372-01-V106","Panel - Upper Top cover (Plastron)","kaluga 2","C",147,"EA",92.445220000000006,13589.45]
["00141374-01-0000","Duct - Defroster Windscr Windscreen demist grid (","kaluga 2","C",216,"EA",173.98355000000001,37580.449999999997]
["00141376-01-0000","Reinforcement Assembly - Airbag reinforcement ass","kaluga 2","C",3328,"EA",240.1455,799204.22]
["00141513-01-0000","Door Assembly - Airbag Airbag flap assy (volet","kaluga 2","C",283,"EA",70.766350000000003,20026.88]
["00141528-01-AFXX","Reinforcement - IP Central structure (struc","kaluga 2","C",373,"EA",57.083280000000002,21292.06]
["00141529-01-0000","Plate - Metal Central steel plate (ren","kaluga 2","C",2138,"EA",20.842500000000001,44561.27]
["00141530-02-RTRM","Bezel - IP Center Central side (habillage","kaluga 2","C",50,"EA",62.384680000000003,3119.23]
["00141530-02-V106","Bezel - IP Center Central side (habillage","kaluga 2","C",396,"EA",57.036670000000001,22586.52]
["00141531-01-0000","Seal - IP Windscreen adhesive (joi","kaluga 2","C",7910,"EA",37.489800000000002,296544.31]
["00141532-01-0000","Seal - IP Lateral airvent seal (jo","kaluga 2","C",14580,"EA",4.1493900000000004,60498.11]
["00141533-01-0000","Housing - IP Left IP rib (nervure mon","kaluga 2","C",4962,"EA",5.4400500000000003,26993.53]
["00141534-01-V106","Hider - Gap TEP Part","kaluga 2","C",4953,"EA",29.045780000000001,143863.76]
["00141618-01-V106","Panel - Console Low level console","kaluga 2","C",69,"EA",164.91050999999999,11378.83]
["00141646-01-V106","Cap - Console Panel Left cover side HAVAC (c","kaluga 2","C",196,"EA",54.763100000000001,10733.57]
["00141649-01-V106","Cap - Console Panel Right cover side HAVAC (","kaluga 2","C",168,"EA",84.770099999999999,14241.38]
["00141650-01-V106","Cupholder - Console Stat Панель консоли центр","kaluga 2","B",1999,"EA",24.31485,48605.39]
["00141652-01-V106","Cap Assembly - Console P Крышка диагн разъема","kaluga 2","B",5000,"EA",14.912100000000001,74560.5]
["00141665-01-V106","Panel - Console Middle level console (co","kaluga 2","C",643,"EA",186.83450999999999,120134.59]
["00141668-01-V106","Box - Console Console storage (rangeme","kaluga 2","C",832,"EA",90.227050000000006,75068.91]
["00141670-01-V106","Housing - Console Cruise control support (","kaluga 2","C",6771,"EA",9.1339500000000005,61845.98]
["00141672-01-V106","Mat - Console Console carpet (tapis fo","kaluga 2","C",5197,"EA",3.5684800000000001,18545.38]
["00141737-01-V106","Box - IP Box (cuve vide-poches)","kaluga 2","C",143,"EA",155.51369,22238.46]
["00141742-01-RTRM","Lid - IP Upper door (fa?§ade port","kaluga 2","C",24,"EA",69.193209999999993,1660.64]
["00141742-01-V106","Lid - IP Upper door (fa?§ade port","kaluga 2","C",501,"EA",63.136069999999997,31631.17]
["00141744-01-RTRM","Latch - IP Handle (palette)","kaluga 2","C",196,"EA",35.684249999999999,6994.11]
["00141744-01-V106","Latch - IP Handle (palette)","kaluga 2","C",3001,"EA",19.188749999999999,57585.440000000002]
["00141746-01-0000","Spring - IP Handle spring (ressort p","kaluga 2","C",13866,"EA",7.5768000000000004,105059.91]
["00141749-01-RTRM","Lid - IP Inner door (doublure por","kaluga 2","C",22,"EA",87.267910000000001,1919.89]
["00141749-01-V106","Lid - IP Inner door (doublure por","kaluga 2","C",497,"EA",78.256069999999994,38893.269999999997]
["00141751-01-0000","Pin - IP Door axis (axe portillon","kaluga 2","C",8362,"EA",5.0788599999999997,42469.43]
["00141752-01-0000","Damper - IP Damper (ralentisseur)","kaluga 2","C",3346,"EA",38.854959999999998,130008.68]
["00141755-01-V106","Box - IP Lighting support (trappe","kaluga 2","C",2467,"EA",23.345700000000001,57593.84]
["00141761-01-V106","Bezel - Cluster Upper visor (dessus visi","kaluga 2","C",663,"EA",54.40222,36068.67]
["00141767-01-0000","Reinforcement - IP Trim IP body renfort (Re","kaluga 2","C",2492,"EA",28.045500000000001,69889.39]
["00141768-01-0000","Pad - Foam Soundproof IP body renfo","kaluga 2","C",538,"EA",0.87551999999999996,471.03]
["00141770-01-V106","Trim Assembly - IP Decor Облицовка панели лев","kaluga 2","B",1800,"EA",21.26145,38270.61]
["00141773-01-V106","Panel - End Left cover side (joue de","kaluga 2","C",360,"EA",37.556179999999998,13520.23]
["00141775-01-V106","Panel - End Right cover side (joue d","kaluga 2","C",426,"EA",38.333500000000001,16330.07]
["00141780-01-V106","Trim - IP Decorative Upper trim passenger (ha","kaluga 2","C",30,"EA",69.654510000000002,2089.64]
["00141829-01-V106","Shroud Assembly - Steeri Нижн часть накладки","kaluga 2","B",1400,"EA",26.224799999999998,36714.720000000001]
["00141831-01-V106","Switch Pack - IP Панель консоли","kaluga 2","B",2520,"EA",13.265700000000001,33429.56]
["00141833-01-V106","Bezel - IP Fascia A2/A3 upper part","kaluga 2","C",3,"EA",47.545670000000001,142.63999999999999]
["00141834-01-V106","Cap - IP Panel Заглушка поперечины","kaluga 2","B",2000,"EA",6.9436499999999999,13887.3]
["00141840-01-V106","Bezel - IP Fascia A2/A3 inner part","kaluga 2","C",7,"EA",46.033670000000001,322.24]
["00141841-01-0000","Bracket - IP Прижимная пластина","kaluga 2","B",2556,"EA",4.9717500000000001,12707.79]
["00141842-02-0000","Duct Assembly - Air Воздуховод централ","kaluga 2","C",710,"EA",75.166349999999994,53368.11]
["00141849-02-0000","Duct - Air Воздуховод передний","kaluga 2","B",484,"EA",86.383499999999998,41809.61]
["00141878-01-V106","Grille Assembly - Demist Left airvent assy with c","kaluga 2","C",1154,"EA",319.96003999999999,369233.89]
["00141880-01-V106","Grille Assembly - Demist Right airvent assy with","kaluga 2","C",858,"EA",319.96003999999999,274525.71999999997]
["00144367-01-0000","Pad - Foam Swan neck felt (Feutrine","kaluga 2","C",2284,"EA",0.42737999999999998,976.14]
["00144985-01-0000","Housing - IP Right IP rib (nervure mo","kaluga 2","C",2986,"EA",5.4400500000000003,16243.99]
["00151087-01-0000","Clip - Trim 1.8 Tab Single Sided Pus","kaluga 2","C",6253,"EA",2.7883900000000001,17435.810000000001]
["00151088-01-0000","Clip - Trim 1.85 Tab to 8.0x15.0 Slo","kaluga 2","C",136492,"EA",1.68465,229941.45]
["00151089-01-0000","Nut 4.0 Plastic U-Style 2.5-","kaluga 2","C",26678,"EA",1.65561,44168.32]
["00151100-01-0000","Nut M5.0x0.8 0.5-4.0 Panel U","kaluga 2","C",7251,"EA",4.3070700000000004,31230.55]
["00155611-01-0000","Clip Fuse hook","kaluga 2","C",4060,"EA",2.2821600000000002,9265.59]
["00155897-01-0000","Adhesive - Polyurethane SikaCure-4901 BL (Black)","kaluga 2","C",40191.129999999997,"G",0.79461000000000004,31936.21]
["00156297-01-0000","Adhesive - Polyurethane SikaTherm-4280 (White)","kaluga 2","C",730370.25,"G",0.21287,155471.35999999999]
["00158509-01-V106","Thermoplastic - Other Roll - TEPEO-SF 503719 -","kaluga 2","C",2456.2399999999998,"M",180.49879000000001,443348.35]
["00178463-01-0000","Screw 5.0X2.24X14.0 PAN FLG HD","kaluga 2","C",11678,"EA",0.96680999999999995,11290.39]
["00179053-01-V106","Thermoplastic - Other TPO Foil - TEPEO-SF 5037","kaluga 2","C",3910.46,"M",241.90987999999999,945978.9]
["00185969-01-0000","Screw 4.0X1.79X14.0 PN FLG TOR","kaluga 2","C",13073,"EA",0.68879999999999997,9004.68]
["00190951-01-V106","Grille Assembly - Demist Left airvent assy with c","kaluga 2","C",507,"EA",263.90168999999997,133798.16]
["00190952-01-V106","Grille Assembly - Demist Right airvent assy with","kaluga 2","C",492,"EA",263.90168999999997,129839.63]
["00190954-01-T172","Grille Assembly - Demist Left airvent assy with c","kaluga 2","C",1928,"EA",339.83566000000002,655203.15]
["00190955-01-T172","Grille Assembly - Demist Rightairvent assy with c","kaluga 2","C",1848,"EA",339.83566000000002,628016.30000000005]
["00190956-01-V358","Grille Assembly - Demist Left airvent assy with c","kaluga 2","C",369,"EA",353.94362000000001,130605.2]
["00190957-01-V358","Grille Assembly - Demist Right airvent assy with","kaluga 2","C",370,"EA",353.94362000000001,130959.14]
["AE80138","Pallet Box AE 80138 090919E-V10 VW2","kaluga 2","C",-1359.38,"EA",0,0]
["AE80138","Pallet Box AE 80138 090919E-V10 VW2","ML","C",-216,"EA",0,0]
["BAC-O-6422","Tote Plastic box Renault/Niss","ML","C",-11,"EA",0,0]
["00078935-01-S751","Thermoplastic - PP, Othe Полиофин HostacomTRC352N","MOLD","A",19381506.600000001,"G",7.639E-2,1480504.83]
["00079721-01-V106","Thermoplastic - PP, Copo Hostacom CR 250F (Precol","MOLD","B",685084,"G",7.5600000000000001E-2,51792.35]
["00108637-01-0000","Thermoplastic - PP, Homo Hostacom M2 U02 (Black)","MOLD","A",2070806,"G",6.0780000000000001E-2,125872.91]
["00114036-01-S751","Thermoplastic - PP, Copo Полиофин 9067 Чёрный","MOLD","A",16122050.5,"G",7.3450000000000001E-2,1184124.3]
["00114036-01-S752","Thermoplastic - PP, Copo Полиофин Hostacom9067HS","MOLD","A",2540266,"G",7.3450000000000001E-2,186576.19]
["00138277-01-V106","Thermoplastic - PP, Copo ПластикHostacom X M2V05","MOLD","C",2650389,"G",7.0669999999999997E-2,187289.74]
["00148934-01-0000","Thermoplastic - (TPS) Multiflex TES 2803 SI1 B","MOLD","C",541514,"G",0.14606,79090.83]
["ae80138","Pallet Box AE 80138 090919E-V10 VW2","MOLD","C",-39996,"EA",0,0]
["BAC-O-6422","Tote Plastic box Renault/Niss","MOLD","C",-39498,"EA",0,0]
["GT13337","Packaging Assy Durable VW114888 container with","PACK","C",1,"EA",0,0]
["VW001210","Cover - Durable VW001210 1204x1006x94 mm","PACK","C",3,"EA",0,0]
["VW114777","Pallet Box 114777 1235x835x932 VW r","PACK","C",21,"EA",0,0]
["VW114888","Pallet Box 114888 1210x1010x1000 VW","PACK","C",211,"EA",0,0]
["VW114999","Pallet Box 114999-1602x1202x760 VW","PACK","C",39,"EA",0,0]
["VW523786","Tote 523786 VW owned EPP box","PACK","C",660,"EA",0,0]
["VW524486","Partition - Durable AE80129 Textile partitio","PACK","C",1000,"EA",0,0]
["00007169-01-0000","Bumper","pp wh","B",16960,"EA",3.4108000000000001,57847.15]
["00073411-01-0000","Bushing Втулка стальная","pp wh","B",90000,"EA",0.69294999999999995,62365.279999999999]
["00075966-01-0000","Pin - Retaining 5.0 Plastic Push In","pp wh","B",1200,"EA",1.37344,1648.13]
["00078935-01-S751","Thermoplastic - PP, Othe Полиофин HostacomTRC352N","pp wh","A",1423492.5,"G",7.639E-2,108737.03]
["00110943-02-S445","Switch - Window Переключатель 1 кн CL","pp wh","B",10560,"EA",58.738869999999999,620282.46]
["00110967-02-S755","Skin - Armrest Shaped Флисовое полотно передне","pp wh","B",13919,"EA",52.282409999999999,727718.84]
["00110968-02-S755","Skin - Armrest Shaped Флисовое полотно заднее","pp wh","B",3105,"EA",50.207700000000003,155894.92000000001]
["00110969-01-S751","Switch - Mirror Повор переключ зерк","pp wh","B",8820,"EA",96.075149999999994,847382.8]
["00110983-02-S661","Handle - Release LEFT","pp wh","B",23520,"EA",34.170290000000001,803685.14]
["00110984-02-S661","Handle - Release RIGHT","pp wh","B",35280,"EA",34.170290000000001,1205527.71]
["00110989-02-S445","Switch - Window Переключатель 1 кн TL","pp wh","B",10560,"EA",54.323909999999998,573660.52]
["00110990-02-S445","Switch - Window Переключатель 2 кн","pp wh","A",2730,"EA",302.57821999999999,826038.53]
["00110994-01-S445","Bezel - DT Облицовка с 1 кн TL CL","pp wh","B",21512,"EA",7.3402799999999999,157904.04]
["00110995-01-S445","Bezel - DT Облицовка с 2 кн TL CL","pp wh","B",6912,"EA",12.95856,89569.600000000006]
["00110996-01-S445","Bezel - DT Накладна переключателя 4","pp wh","B",2304,"EA",12.95856,29856.53]
["00111651-02-0000","Insulator BUMPER - Door Release Ha","pp wh","B",14000,"EA",3.1037499999999998,43452.47]
["00111654-02-0000","Spring - Shaft Axis Shaft","pp wh","B",60000,"EA",11.67225,700335.09]
["00111850-01-0000","Indicator - LED Светодиодная лампочка","pp wh","B",18000,"EA",13.481389999999999,242665.04]
["00111852-01-S751","Bezel - DT Облицовка индикатора","pp wh","B",9000,"EA",2.82158,25394.23]
["00112165-01-0000","Clip - Trim 4.2 Tab to 8.0 Slot 2.5","pp wh","B",27562,"EA",1.2033199999999999,33165.93]
["00112166-01-0000","Pin - Retaining Клипса 8.2 X 0.7-1.5","pp wh","B",79362,"EA",0.67635000000000001,53676.25]
["00112743-01-0000","Pin - Retaining Клипса пласт для порога","pp wh","C",27657,"EA",0.31949,8836.25]
["00112938-03-S752","Non Core Reinforcement Hook - Pil","pp wh","C",6200,"EA",8.5249500000000005,52854.69]
["00112939-03-S752","Non Core Reinforcement Hook - Pil","pp wh","C",6200,"EA",8.5249500000000005,52854.69]
["00112992-03-S752","Non Core HANDLE LH - for Seat Bel","pp wh","C",5760,"EA",4.7594399999999997,27414.37]
["00112993-03-S752","Non Core HANDLE RH - for Seat Bel","pp wh","C",6080,"EA",4.7594399999999997,28937.4]
["00112994-04-S752","Non Core SLIDER LH - for Seat Bel","pp wh","C",5760,"EA",18.634879999999999,107336.88]
["00112995-04-S752","Non Core SLIDER RH - for Seat Bel","pp wh","C",5760,"EA",18.634879999999999,107336.88]
["00113001-02-0000","Foam - Strip Уплотнитель  55*30*36","pp wh","C",27359,"EA",2.2050000000000001,60326.6]
["00113002-03-0000","Foam - Strip Support Block - Rear-Wit","pp wh","C",4497,"EA",4.9035000000000002,22051.040000000001]
["00113003-01-0000","Foam - Strip Уплотнитель 60*50*21","pp wh","C",12780,"EA",2.2469999999999999,28716.66]
["00113135-01-0000","Clip - Trim 10.0 Клипса 6.0x15.0","pp wh","C",237329,"EA",0.56015999999999999,132943.28]
["00113268-02-0000","Insulator Felt Pad - 80x15x2","pp wh","C",96000,"EA",0.83526,80185.39]
["00113269-02-0000","Insulator Шумоиз.панель 278*267*10","pp wh","C",4778,"EA",19.729500000000002,94267.55]
["00113557-02-0000","Spring Handle Release Lever - L","pp wh","C",20000,"EA",1.7605900000000001,35211.75]
["00113558-01-0000","Spring Handle Release Lever - R","pp wh","C",20000,"EA",1.7605900000000001,35211.75]
["00127817-01-S839","Insulator - NVH IT Фетровая лента самоклеющ","pp wh","C",124752,"EA",0.28008,34940.17]
["00127840-01-S839","Insulator - NVH IT Felt Pad B-Pillar","pp wh","C",3840,"EA",0.47550999999999999,1825.97]
["00127840-03-S839","Insulator - NVH IT Felt Pad B-Pillar","pp wh","C",80000,"EA",0.95352999999999999,76282.080000000002]
["00132937-01-S445","Switch - Window Переключатель 2 кн CL","pp wh","A",4480,"EA",140.87619000000001,631125.32999999996]
["00133626-02-S751","Insulator Insulator - Felt Pad - 3","pp wh","C",974,"EA",0.46431,452.24]
["00136345-01-0000","Bumper - Console - Tempo","pp wh","C",984,"EA",1.55602,1531.12]
["00141518-01-0000","Hinge - IP Airbag Net (filet)","pp wh","C",3608,"EA",19.50216,70363.81]
["00141531-01-0000","Seal - IP Windscreen adhesive (joi","pp wh","C",460,"EA",37.489800000000002,17245.310000000001]
["00141767-01-0000","Reinforcement - IP Trim IP body renfort (Re","pp wh","C",1200,"EA",28.045500000000001,33654.6]
["00141768-01-0000","Pad - Foam Soundproof IP body renfo","pp wh","C",20800,"EA",0.87551999999999996,18210.849999999999]
["00141831-01-V106","Switch Pack - IP Панель консоли","pp wh","B",2520,"EA",13.265700000000001,33429.56]
["00141834-01-V106","Cap - IP Panel Заглушка поперечины","pp wh","B",1568,"EA",6.9436499999999999,10887.64]
["00141841-01-0000","Bracket - IP Прижимная пластина","pp wh","B",2000,"EA",4.9717500000000001,9943.5]
["00144367-01-0000","Pad - Foam Swan neck felt (Feutrine","pp wh","C",17600,"EA",0.42737999999999998,7521.91]
["00144985-01-0000","Housing - IP Right IP rib (nervure mo","pp wh","C",2000,"EA",5.4400500000000003,10880.1]
["00151088-01-0000","Clip - Trim 1.85 Tab to 8.0x15.0 Slo","pp wh","C",36000,"EA",1.68465,60647.45]
["00178474-01-0000","Screw 4.0X1.8X12.0 PAN FLG HD","pp wh","C",53000,"EA",0.89627000000000001,47502.28]
["00183043-01-0000","Clip - Trim 10.0 DGHSE + 4.8X15.0 SL","pp wh","C",91924,"EA",0.78008,71707.75]
["00190954-01-T172","Grille Assembly - Demist Left airvent assy with c","pp wh","C",768,"EA",339.83566000000002,260993.79]
["00190955-01-T172","Grille Assembly - Demist Rightairvent assy with c","pp wh","C",768,"EA",339.83566000000002,260993.79]
["ae80138","Pallet Box AE 80138 090919E-V10 VW2","pp wh","C",-139936,"EA",0,0]
["BAC-O-6422","Tote Plastic box Renault/Niss","pp wh","C",-398,"EA",0,0]
["00110939-02-S751","Cover - Grab Handle Накладка на ручку ЗЛ","TG","A",1322,"EA",76.348910000000004,100933.26]
["00110941-02-S751","Cover - Grab Handle Накладка на ручку ПЛзер","TG","A",975,"EA",76.348910000000004,74440.19]
["00110971-02-S751","Handle - Grab FRONT - Driver-Side","TG","B",20,"EA",151.49449999999999,3029.89]
["00110972-02-S751","Handle - Grab FRT/RR- Co-Driver-Side","TG","B",80,"EA",151.49449999999999,12119.56]
["00110973-02-S751","Handle - Grab REAR - Driver-Side","TG","B",2953,"EA",151.49449999999999,447363.27]
["AE80138","Pallet Box AE 80138 090919E-V10 VW2","TG","C",-330,"EA",0,0]
["Report Criteria:","Report Submitted By:       ba","","tch"]
["Item Number:","To:",""]
["Prod Line:","To:",""]
["Supplier:","To:",""]
["ABC Class:","To:",""]
["Site: 430","5                          To: 4305",""]
["Location:","To:",""]
["Group:","To:",""]
["Item Type:","To:",""]
["Include Neg","ative Inventory: yes",""]
["Include Non-net","table Inventory: yes",""]
["Includ","e Zero Quantity: no",""]
["Accept Ze","ro Initial Cost: yes",""]
["Cus","tomer Consigned: Exclude",""]
["Sup","plier Consigned: Exclude",""]
["Recalculate De","leted Locations: yes                      Output:","","ppp","trp07"]

{"sheet":"changed","index":1,"n_rows":400,"n_cols":8,"rows_kept":400,"cut":false,"hidden":false,"merged":[]}
[null,null,null,null,null,null,null,"Date: 07/14/13"]
["Item Number","Description","location","ABC","Qty on Hand","UM","GL Cost","Ext GL Cost"]
["00073411-01-0000","Bushing Втулка стальная","ASSY","B",59045,"EA","0,69295","40915,09"]
["00078935-01-S751","Thermoplastic - PP, Othe Полиофин HostacomTRC352N","ASSY","A","7572973,22","G","0,07639","578480,49"]
["00110806-04-S751","Carrier - Door Trim Stru Несущ.конст. пл дверь","ASSY","B","112,0","EA",14213882,"15919,55"]
["00110807-04-S751","Carrier - Door Trim Stru Несущ.конст. пп дверь","ASSY","B","112,0","EA",14213882,"15919,55"]
["00110811-03-S752","Non Core Hook - Pillar - Upper B","ASSY","B",28776,"EA",178332,"51316,82"]
["00110822-01-S751","Pocket - Map Карман ЗЛ дверь","ASSY","B",3160,"EA",351015,"110920,74"]
["00110823-01-S751","Pocket - Map Карман ЗП дверь","ASSY","B",3380,"EA",351015,"118643,07"]
["00110868-02-S755","Armrest Assembly - Door Подлокотник с ткань ЗП","ASSY","B","25,0","EA",16431615,"4107,9"]
["00110938-02-S751","Cover - Grab Handle Накладка ручки ПЛ","ASSY","A",5991,"EA",7634891,"457406,33"]
["00110939-02-S751","Cover - Grab Handle Накладка на ручку ЗЛ","ASSY","A","108,0","EA",7634891,"8245,68"]
["00110940-02-S751","Cover - Grab Handle Накладка на ручку П/З П","ASSY","A",2834,"EA",7634891,"216372,82"]
["00110941-02-S751","Cover - Grab Handle Накладка на ручку ПЛзер","ASSY","A",1416,"EA",7634891,"108110,06"]
["00110943-02-S445","Switch - Window Переключатель 1 кн CL","ASSY","B","914,0","EA",5873887,"53687,33"]
["00110967-02-S755","Skin - Armrest Shaped Флисовое полотно передне","ASSY","B","59,0","EA",5228241,"3084,66"]
["00110968-02-S755","Skin - Armrest Shaped Флисовое полотно заднее","ASSY","B",2081,"EA",502077,"104482,23"]
["00110969-01-S751","Switch - Mirror Повор переключ зерк","ASSY","B",1501,"EA",9607515,"144208,8"]
["00110970-01-S751","Module Assembly Кнопоч перекл салона","ASSY","B",15052,"EA",5992933,"902056,24"]
["00110971-02-S751","Handle - Grab FRONT - Driver-Side","ASSY","B",5674,"EA",1514945,"859579,82"]
["00110972-02-S751","Handle - Grab FRT/RR- Co-Driver-Side","ASSY","B",11355,"EA",1514945,"1720220,09"]
["00110973-02-S751","Handle - Grab REAR - Driver-Side","ASSY","B",2027,"EA",1514945,"307079,36"]
["00110983-02-S661","Handle - Release LEFT","ASSY","B",12589,"EA",3417029,"430169,74"]
["00110984-02-S661","Handle - Release RIGHT","ASSY","B","287,0","EA",3417029,"9806,87"]
["00110988-01-S887","Switch - Window 1 BUTTON (CTRL CURRENT)","ASSY","B",15924,"EA",4429937,"705423,23"]
["00110989-02-S445","Switch - Window Переключатель 1 кн TL","ASSY","B",4415,"EA",5432391,"239840,08"]
["00110990-02-s445","Switch - Window Переключатель 2 кн","ASSY","A",6795,"EA",30257822,"2056018,98"]
["00110991-01-S887","Switch - Window 4 BUTTON (CTRL CURRENT)","ASSY","B",13775,"EA",15192023,"2092701,12"]
["00110993-01-S445","Bezel - DT Облицовка с 1 кн для HL","ASSY","B",27397,"EA",734028,"201101,57"]
["00110994-01-S445","Bezel - DT Облицовка с 1 кн TL CL","ASSY","B",11742,"EA",734028,"86189,53"]
["00110995-01-S445","Bezel - DT Облицовка с 2 кн TL CL","ASSY","B",4393,"EA",1295856,"56926,97"]
["00110996-01-S445","Bezel - DT Накладна переключателя 4","ASSY","B",10773,"EA",1295856,"139602,62"]
["00111649-01-0000","Seal - Door Trim Уплотнитель пластик","ASSY","B",42200,"EA",12075,"50956,5"]
["00111650-01-0000","Clip - Trim Клипса для двери","ASSY","B",348165,"EA",238589,"830684,78"]
["00111651-02-0000","Insulator BUMPER - Door Release Ha","ASSY","B",32896,"EA",310375,"102100,88"]
["00111652-01-0000","Bushing METAL BUSH - Grab Handle","ASSY","B",142852,"EA",127386,"181973,45"]
["00111654-02-0000","Spring - Shaft Axis Shaft","ASSY","B",7054,"EA",1167225,"82336,06"]
["00111850-01-0000","Indicator - LED Светодиодная лампочка","ASSY","B","78,0","EA",1348139,"1051,55"]
["00111852-01-S751","Bezel - DT Облицовка индикатора","ASSY","B",6478,"EA",282158,"18278,2"]
["00112079-01-0000","Screw Винт 4.0x1.8x12.0","ASSY","B",77891,"EA","0,3527","27471,77"]
["00112165-01-0000","Clip - Trim 4.2 Tab to 8.0 Slot 2.5","ASSY","B",7089,"EA",120332,"8530,34"]
["00112166-01-0000","Pin - Retaining Клипса 8.2 X 0.7-1.5","ASSY","B",19530,"EA","0,67635","13209,06"]
["00112743-01-0000","Pin - Retaining Клипса пласт для порога","ASSY","C","102,0","EA","0,31949","32,59"]
["00112938-03-S752","Non Core Reinforcement Hook - Pil","ASSY","C",2623,"EA",852495,"22360,94"]
["00112939-03-S752","Non Core Reinforcement Hook - Pil","ASSY","C",2242,"EA",852495,"19112,94"]
["00112992-03-S752","Non Core HANDLE LH - for Seat Bel","ASSY","C",1431,"EA",475944,"6810,76"]
["00112993-03-S752","Non Core HANDLE RH - for Seat Bel","ASSY","C",5158,"EA",475944,"24549,19"]
["00112994-04-S752","Non Core SLIDER LH - for Seat Bel","ASSY","C",6651,"EA",1863488,"123940,55"]
["00112995-04-S752","Non Core SLIDER RH - for Seat Bel","ASSY","C",5722,"EA",1863488,"106628,75"]
["00112996-01-0000","Spring Пружина стальная","ASSY","C",45855,"EA","0,49792","22832,14"]
["00113001-02-0000","Foam - Strip Уплотнитель  55*30*36","ASSY","C","508,0","EA",2205,"1120,14"]
["00113002-03-0000","Foam - Strip Support Block - Rear-Wit","ASSY","C",15664,"EA",49035,"76808,42"]
["00113003-01-0000","Foam - Strip Уплотнитель 60*50*21","ASSY","C",23084,"EA",2247,"51869,75"]
["00113135-01-0000","Clip - Trim 10.0 Клипса 6.0x15.0","ASSY","C",698003,"EA","0,56016","390996,5"]
["00113267-04-S751","Cap - IT Top Tether Cover","ASSY","C",35002,"EA",581469,"203525,78"]
["00113268-02-0000","Insulator Felt Pad - 80x15x2","ASSY","C",49604,"EA","0,83526","41432,46"]
["00113269-02-0000","Insulator Шумоиз.панель 278*267*10","ASSY","C",1913,"EA",197295,"37742,53"]
["00113270-04-0000","Insulator Шумоизоляционная панель","ASSY","C",6240,"EA",29022,"181097,28"]
["00113557-02-0000","Spring Handle Release Lever - L","ASSY","C",27081,"EA",176059,"47678,47"]
["00113558-01-0000","Spring Handle Release Lever - R","ASSY","C",28906,"EA",176059,"50891,54"]
["00114036-01-S751","Thermoplastic - PP, Copo Полиофин 9067 Чёрный","ASSY","A",314032,"G","0,07345","23064,87"]
["00114036-01-S752","Thermoplastic - PP, Copo Полиофин Hostacom9067HS","ASSY","A",4608720,"G","0,07345","338498,96"]
["00127817-01-S839","Insulator - NVH IT Фетровая лента самоклеющ","ASSY","C",14090,"EA","0,28008","3946,28"]
["00127840-03-S839","Insulator - NVH IT Felt Pad B-Pillar","ASSY","C",4040,"EA","0,95353","3852,25"]
["00132937-01-S445","Switch - Window Переключатель 2 кн CL","ASSY","A","36,0","EA",14087619,"5071,54"]
["00133626-02-S751","Insulator Insulator - Felt Pad - 3","ASSY","C",62828,"EA","0,46431","29171,67"]
["00133628-02-S751","Insulator Insulator - Felt Pad - 5","ASSY","C",398411,"EA","0,62241","247974,39"]
["00136345-01-0000","Bumper - Console - Tempo","ASSY","C",93118,"EA",155602,"144893,1"]
["00138277-01-V106","Thermoplastic - PP, Copo ПластикHostacom X M2V05","ASSY","C",1000000,"G","0,07067",70665]
["00144985-01-0000","Housing - IP Right IP rib (nervure mo","ASSY","C","2,0","EA",544005,"10,88"]
["00151087-01-0000","Clip - Trim 1.8 Tab Single Sided Pus","ASSY","C","5,0","EA",278839,"13,94"]
["00151088-01-0000","Clip - Trim 1.85 Tab to 8.0x15.0 Slo","ASSY","C",17382,"EA",168465,"29282,61"]
["00151089-01-0000","Nut 4.0 Plastic U-Style 2.5-","ASSY","C","24,0","EA",165561,"39,73"]
["00151100-01-0000","Nut M5.0x0.8 0.5-4.0 Panel U","ASSY","C","6,0","EA",430707,"25,84"]
["00155897-01-0000","Adhesive - Polyurethane SikaCure-4901 BL (Black)","ASSY","C","9,6","G","0,79461","7,63"]
["00158509-01-V106","Thermoplastic - Other Roll - TEPEO-SF 503719 -","ASSY","C","4,59","M",18049879,"828,49"]
["00178474-01-0000","Screw 4.0X1.8X12.0 PAN FLG HD","ASSY","C",6326,"EA","0,89627","5669,8"]
["ae80138","Pallet Box AE 80138 090919E-V10 VW2","ASSY","C","-687107,46","EA","0,00","0,00"]
["BAC-O-6422","Tote Plastic box Renault/Niss","ASSY","C","-11,0","EA","0,00","0,00"]
["00110806-04-S751","Carrier - Door Trim Stru Несущ.конст. пл дверь","EXWH","B",2710,"EA",14213882,"385196,21"]
["00110807-04-S751","Carrier - Door Trim Stru Несущ.конст. пп дверь","EXWH","B",2928,"EA",14213882,"416182,47"]
["00110808-04-S751","Carrier - Door Trim Stru Несущ.конст. зл дверь","EXWH","B",2350,"EA",13931432,"327388,65"]
["00110809-04-S751","Carrier - Door Trim Stru Несущ.конст. зп дверь","EXWH","B",2722,"EA",13931432,"379213,58"]
["00110816-02-S751","Medallion FRONT Door - Drivers-Sid","EXWH","B",4800,"EA",9918614,"476093,46"]
["00110817-02-S751","Medallion FRONT Door - Co-Drivers-","EXWH","B",4000,"EA",9918614,"396744,55"]
["00110818-03-S751","Medallion REAR Door - Drivers-Side","EXWH","B",3000,"EA",9318972,"279569,15"]
["00110819-03-S751","Medallion REAR Door - Co-Drivers-S","EXWH","B",2800,"EA",9318972,"260931,21"]
["00110820-01-S751","Pocket - Map Карман ПЛ дверь","EXWH","B",4456,"EA",8544737,"380753,47"]
["00110821-01-S751","Pocket - Map Карман ПП дверь","EXWH","B",4160,"EA",8544737,"355461,05"]
["00110822-01-S751","Pocket - Map Карман ЗЛ дверь","EXWH","B",1609,"EA",351015,"56478,31"]
["00110823-01-S751","Pocket - Map Карман ЗП дверь","EXWH","B",1470,"EA",351015,"51599,21"]
["00110938-02-S751","Cover - Grab Handle Накладка ручки ПЛ","EXWH","A",4176,"EA",7634891,"318833,06"]
["00110939-02-S751","Cover - Grab Handle Накладка на ручку ЗЛ","EXWH","A",8352,"EA",7634891,"637666,12"]
["00110940-02-S751","Cover - Grab Handle Накладка на ручку П/З П","EXWH","A",11136,"EA",7634891,"850221,49"]
["00110941-02-S751","Cover - Grab Handle Накладка на ручку ПЛзер","EXWH","A",8352,"EA",7634891,"637666,12"]
["00112520-01-S752","Pillar Assembly - A Uppe Облиц стойк А верх ЛЕВАЯ","EXWH","A","340,0","EA",10237752,"34808,36"]
["00112520-02-S752","Pillar Asy - A Upper Облиц стойк А верх ЛЕВАЯ","EXWH","C",1680,"EA",1023028,"171868,7"]
["00112521-01-S752","Pillar Assembly - A Uppe Облиц стойк А верх ПРАВ","EXWH","A","340,0","EA",10243897,"34829,25"]
["00112521-02-S752","Pillar Asy - A Upper Облиц стойк А верх ПРАВ","EXWH","C",1680,"EA",1023028,"171868,7"]
["00112524-03-S752","Pillar Assembly - C Облиц стойк С верх ЛЕВАЯ","EXWH","A",2181,"EA",7768359,"169427,9"]
["00112525-03-S752","Pillar Assembly - C Облиц стойк С верх ПРАВ","EXWH","A",2283,"EA",7768359,"177351,63"]
["00112526-01-S751","Pillar Assembly - A Low Облиц стойки А ниж ЛЕВАЯ","EXWH","A",2754,"EA",4389203,"120878,66"]
["00112527-01-S751","Pillar Assembly - A Lowe Облиц стойки А ниж ПРАВ","EXWH","A",2606,"EA",4456838,"116145,2"]
["00112528-01-S751","Pillar Assembly - B Облиц стойк В ниж ЛЕВАЯ","EXWH","A",2060,"EA",8484128,"174773,03"]
["00112529-01-S751","Pillar Assembly - B Облиц стойк В ниж ПРАВАЯ","EXWH","A",2060,"EA",8484128,"174773,03"]
["00112531-03-S751","Trim - Floor Накладка в сборе ЛЕВАЯ","EXWH","A",2160,"EA",14530481,"313858,38"]
["00112532-03-S751","Trim - Floor Накладка в сборе ПРАВАЯ","EXWH","A",2406,"EA",14530481,"349603,36"]
["00112535-02-S751","Trim - Housing Wheel Обивка подкрыл ЛЕВАЯ","EXWH","A",2099,"EA",8115005,"170333,95"]
["00112536-02-S751","Trim - Housing Wheel Обивка подкрыл ПРАВАЯ","EXWH","A",2074,"EA",8115005,"168305,2"]
["00112538-02-S751","Trim - Trunk Обивка задней двери","EXWH","A",2193,"EA",1385397,"303817,56"]
["00112539-03-S751","Trim - Trunk Покрытие замыкания в сб","EXWH","A",2191,"EA",12484608,"273537,76"]
["00112548-04-S752","Panel - IT Pillar - Upper B - LHS","EXWH","B",2557,"EA",5328702,"136254,91"]
["00112549-04-S752","Panel - IT Pillar - Upper B - RHS","EXWH","B",2146,"EA",5328702,"114353,95"]
["00112564-04-S751","Trim - Tray Package Panel Moulding - Rear Sh","EXWH","B",3432,"EA",21654208,"743172,44"]
["00114036-01-S751","Thermoplastic - PP, Copo Полиофин 9067 Чёрный","EXWH","A",4000000,"G","0,07345",293790]
["00114036-01-S752","Thermoplastic - PP, Copo Полиофин Hostacom9067HS","EXWH","A",10000000,"G","0,07345",734475]
["00141364-04-V106","Panel Assembly - IP Панель приборов","EXWH","C","467,0","EA",236793612,"1105826,17"]
["00141376-01-0000","Reinforcement Assembly - Airbag reinforcement ass","EXWH","C","520,0","EA",2401455,"124875,66"]
["00141650-01-V106","Cupholder - Console Stat Панель консоли центр","EXWH","B",1650,"EA",2431485,"40119,5"]
["00141655-03-V106","Panel Assembly - Console Консоль центральная","EXWH","C","330,0","EA",77402949,"255429,73"]
["00141674-03-V106","Bezel - Console Панель центр консоли","EXWH","C",2912,"EA",668766,"194744,66"]
["00141770-01-V106","Trim Assembly - IP Decor Облицовка панели лев","EXWH","B",3600,"EA",2126145,"76541,22"]
["00141829-01-V106","Shroud Assembly - Steeri Нижн часть накладки","EXWH","B",2100,"EA",262248,"55072,08"]
["00141842-02-0000","Duct Assembly - Air Воздуховод централ","EXWH","C",3312,"EA",7516635,"248950,95"]
["00141849-02-0000","Duct - Air Воздуховод передний","EXWH","B",3030,"EA",863835,"261742,01"]
["00141853-02-0000","Duct - Air Воздуховод задний","EXWH","B",3000,"EA",45087,135261]
["00191026-01-V106","Panel Assembly - IP Панель в сборе E1","EXWH","C","96,0","EA",230877601,"221642,5"]
["00191027-01-T172","Panel Assembly - IP Панель в сборе E2","EXWH","C","78,0","EA",245994993,"191876,09"]
["00191027-02-T172","Panel Assembly - IP Панель приборов E2","EXWH","C","156,0","EA",246064344,"383860,38"]
["00110937-02-S751","Cover Assembly - Grab Ha Накладка ручки ПЛ с зер","fg","A","660,0","EA",39854053,"263036,75"]
["00112520-02-S752","Pillar Asy - A Upper Облиц стойк А верх ЛЕВАЯ","fg","C","911,0","EA",1023028,"93197,85"]
["00112521-02-S752","Pillar Asy - A Upper Облиц стойк А верх ПРАВ","fg","C","773,0","EA",1023028,"79080,06"]
["00112522-08-S752","Pillar Assembly - B Облиц стойк В верх ЛЕВАЯ","fg","C","198,0","EA",5504153,"108982,23"]
["00112523-08-S752","Pillar Assembly - B Облиц стойк В верх ПРАВ","fg","C","99,0","EA",5504153,"54491,11"]
["00112524-03-S752","Pillar Assembly - C Облиц стойк С верх ЛЕВАЯ","fg","A","615,0","EA",7768359,"47775,41"]
["00112525-03-S752","Pillar Assembly - C Облиц стойк С верх ПРАВ","fg","A","721,0","EA",7768359,"56009,87"]
["00112526-01-S751","Pillar Assembly - A Low Облиц стойки А ниж ЛЕВАЯ","fg","A",2736,"EA",4389203,"120088,6"]
["00112527-01-S751","Pillar Assembly - A Lowe Облиц стойки А ниж ПРАВ","fg","A",2160,"EA",4456838,"96267,7"]
["00112528-01-S751","Pillar Assembly - B Облиц стойк В ниж ЛЕВАЯ","fg","A",1090,"EA",8484128,"92476,99"]
["00112529-01-S751","Pillar Assembly - B Облиц стойк В ниж ПРАВАЯ","fg","A",1094,"EA",8484128,"92816,36"]
["00112531-03-S751","Trim - Floor Накладка в сборе ЛЕВАЯ","fg","A","477,0","EA",14530481,"69310,39"]
["00112532-03-S751","Trim - Floor Накладка в сборе ПРАВАЯ","fg","A","820,0","EA",14530481,"119149,94"]
["00112533-04-S751","Trim - Floor Накладка в сборе ЛЕВАЯ","fg","A",1024,"EA",49523939,"507125,13"]
["00112535-02-S751","Trim - Housing Wheel Обивка подкрыл ЛЕВАЯ","fg","A","884,0","EA",8115005,"71736,64"]
["00112536-02-S751","Trim - Housing Wheel Обивка подкрыл ПРАВАЯ","fg","A","884,0","EA",8115005,"71736,64"]
["00112538-02-S751","Trim - Trunk Обивка задней двери","fg","A",1040,"EA",1385397,"144081,29"]
["00112539-03-S751","Trim - Trunk Покрытие замыкания в сб","fg","A","483,0","EA",12484608,"60300,66"]
["00112614-09-S751","Door Panel Assembly Дверь передняя левая TL","fg","A","66,0","EA",88236342,"58235,99"]
["00112615-09-S751","Door Panel Assembly Дверь передняя правая TL","fg","A","66,0","EA",71837551,"47412,78"]
["00112616-10-S751","Door Panel Assembly Дверь задняя левая TL","fg","A","66,0","EA",7110032,"46926,21"]
["00112617-10-S751","Door Panel Assembly Дверь задняя правая TL","fg","A","66,0","EA",7110032,"46926,21"]
["00112618-12-S755","Door Panel Assembly Дверь передняя левая HL","fg","A","228,0","EA",94722846,"215968,09"]
["00112619-12-S755","Door Panel Assembly Дверь передняя правая HL","fg","A","152,0","EA",75790979,"115202,29"]
["00112620-11-S755","Door Panel Assembly Дверь задняя левая HL","fg","A","88,0","EA",75272388,"66239,7"]
["00112621-11-S755","Door Panel Assembly Дверь задняя правая HL","fg","A","33,0","EA",75272486,"24839,92"]
["00113991-09-S751","Trim - Tray Package Полка за зад сид в сб","fg","A",1204,"EA",50856491,"612312,15"]
["00126217-07-S751","Door Panel Assembly Дверь передняя левая CL","fg","A","134,0","EA",104406545,"139904,77"]
["00126218-07-S751","Door Panel Assembly Дверь передняя правая CL","fg","A","209,0","EA",71837551,"150140,48"]
["00126219-08-S751","Door Panel Assembly Дверь задняя левая CL","fg","A","319,0","EA",7110032,"226810,02"]
["00126220-08-S751","Door Panel Assembly Дверь задняя правая CL","fg","A","242,0","EA",7110032,"172062,77"]
["00189371-01-S751","Cover - Grab Handle Накладка на ручку RR","fg","C","20,0","EA",25724026,"5144,81"]
["00189372-01-S751","Cover - Grab Handle Накладка на ручку FRT","fg","C","350,0","EA",25724026,"90034,09"]
["00189373-01-S751","Cover - Grab Handle Накладка на ручку FRT/RR","fg","C","910,0","EA",25724026,"234088,64"]
["AE80138","Pallet Box AE 80138 090919E-V10 VW2","fg","C","61,0","EA","0,00","0,00"]
["GT13332","Packaging Assy Durable VW0012 pallet VE001210 l","fg","C","3,0","EA","0,00","0,00"]
["GT13333","Packaging Assy Durable VW114999 container with","fg","C","27,0","EA","0,00","0,00"]
["GT13334","Packaging Assy Durable VW114888 container with","fg","C","7,2","EA","0,00","0,00"]
["GT13335","Packaging Assy Durable VW114888 container with","fg","C","6,0","EA","0,00","0,00"]
["GT13336","Packaging Assy Durable VW114888 container with","fg","C","5,0","EA","0,00","0,00"]
["GT13337","Packaging Assy Durable VW114888 container with","fg","C","11,0","EA","0,00","0,00"]
["GT13338","Packaging Assy Durable VW114888 container with","fg","C","24,0","EA","0,00","0,00"]
["GT13339","Packaging Assy Durable VW114888 container with","fg","C","9,0","EA","0,00","0,00"]
["GT13340","Packaging Assy Durable VW114777 container with","fg","C","6,0","EA","0,00","0,00"]
["GT13341","Packaging Assy Durable VW114888 container with","fg","C","7,0","EA","0,00","0,00"]
["GT13342","Packaging Assy Durable VW114999 container with","fg","C","13,0","EA","0,00","0,00"]
["VW0012","Pallet - Durable VW0012 1200x1000x165 mm","fg","C","3,0","EA","0,00","0,00"]
["VW114777","Pallet Box 114777 1235x835x932 VW r","fg","C","1,0","EA","0,00","0,00"]
["VW114888","Pallet Box 114888 1210x1010x1000 VW","fg","C","9,0","EA","0,00","0,00"]
["VW114999","Pallet Box 114999-1602x1202x760 VW","fg","C","2,0","EA","0,00","0,00"]
["00141645-02-V106","Cap Asy - Console Panel Грязезащитн дефлектор LH","FG2","C","660,0","EA",2948351,"194591,17"]
["00141648-01-V106","Cap Assembly - Console P Грязезащитн дефлектор RH","FG2","A","660,0","EA",32498336,"214489,02"]
["00141650-01-V106","Cupholder - Console Stat Панель консоли центр","FG2","B","632,0","EA",2431485,"15366,99"]
["00141652-01-V106","Cap Assembly - Console P Крышка диагн разъема","FG2","B","559,0","EA",149121,"8335,86"]
["00141655-04-V106","Panel Assembly - Console Консоль централ Middle","FG2","C","435,0","EA",82698652,"359739,13"]
["00141674-03-V106","Bezel - Console Панель центр консоли","FG2","C",2325,"EA",668766,"155488,1"]
["00141736-04-V106","Box Assembly - IP Ниша вещевая пан приб","FG2","C","320,0","EA",44573993,"142636,78"]
["00141759-02-V106","Bezel - Cluster Козырек пан приб","FG2","C","660,0","EA",40559723,"267694,17"]
["00141764-02-V106","Panel Assembly - Lower Накладка пан приборов","FG2","C","528,0","EA",35088992,"185269,88"]
["00141770-01-V106","Trim Assembly - IP Decor Облицовка панели лев","FG2","B","880,0","EA",2126145,"18710,08"]
["00141772-02-v106","Panel Assembly - End Заглушка лев боковины","FG2","C","612,0","EA",50477814,"308924,22"]
["00141774-02-V106","Panel Assembly - End Заглушка пр боковины","FG2","C","643,0","EA",25809361,"165954,19"]
["00141779-02-V106","Trim Asy-IP Decorative Облицовка панели","FG2","C",1302,"EA",21914597,"285328,05"]
["00141787-02-V106","Shroud Asy - Steering Нижн часть накладки","FG2","C","424,0","EA",22574601,"95716,31"]
["00141793-02-V106","Shroud - Steering Верх часть накладки","FG2","C","420,0","EA",21839135,"91724,37"]
["00141829-01-V106","Shroud Assembly - Steeri Нижн часть накладки","FG2","B","503,0","EA",262248,"13191,07"]
["00141831-01-V106","Switch Pack - IP Панель консоли","FG2","B","242,0","EA",132657,"3210,3"]
["00141832-03-V106","Bezel Assembly - IP Козырек для дисплея","FG2","C","479,0","EA",10454202,"50075,63"]
["00141834-01-V106","Cap - IP Panel Заглушка поперечины","FG2","B",1124,"EA",694365,"7804,66"]
["00141841-01-0000","Bracket - IP Прижимная пластина","FG2","B","432,0","EA",497175,"2147,8"]
["00141842-02-0000","Duct Assembly - Air Воздуховод централ","FG2","C","707,0","EA",7516635,"53142,61"]
["00141849-02-0000","Duct - Air Воздуховод передний","FG2","B","410,0","EA",863835,"35417,24"]
["00141853-02-0000","Duct - Air Воздуховод задний","FG2","B","462,0","EA",45087,"20830,19"]
["00144386-04-V106","Panel Assembly - Console Консоль центральная Low","FG2","C","63,0","EA",69922546,"44051,2"]
["00191026-01-V106","Panel Assembly - IP Панель в сборе E1","FG2","C","24,0","EA",230877601,"55410,62"]
["00191027-02-T172","Panel Assembly - IP Панель приборов E2","FG2","C","48,0","EA",246064344,"118110,89"]
["00191029-02-V358","Panel Assembly - IP Панель приборов E3","FG2","C","12,0","EA",248885983,"29866,32"]
["BAC-O-6422","Tote Plastic box Renault/Niss","FG2","C","344,0","EA","0,00","0,00"]
["BAC-O-6432","Tote - Durable Plastic box Renault/Niss","FG2","C","409,0","EA","0,00","0,00"]
["ECM---0906","Tote Renault/Nissan owned EPP","FG2","C","131,0","EA","0,00","0,00"]
["ECM---3128","Steel Rack - Durable Renault owned special co","FG2","C","38,0","EA","0,00","0,00"]
["ECM---3305","Steel Rack - Durable Renault owned special co","FG2","C","29,0","EA","0,00","0,00"]
["ECM---3388","Steel Rack - Durable Renault owned special co","FG2","C","19,0","EA","0,00","0,00"]
["S-404","Carton","FG2","C","2,0","KG","0,00","0,00"]
["SLI---0760","Steel Rack - Durable Renault owned container","FG2","C","28,0","EA","0,00","0,00"]
["SLI---2112","Pallet - Durable Renault/Nissan owned pal","FG2","C","71,0","EA","0,00","0,00"]
["00110938-02-S751","Cover - Grab Handle Накладка ручки ПЛ","hold","A","118,0","EA",7634891,"9009,17"]
["00110939-02-S751","Cover - Grab Handle Накладка на ручку ЗЛ","hold","A","47,0","EA",7634891,"3588,4"]
["00110941-02-S751","Cover - Grab Handle Накладка на ручку ПЛзер","hold","A","20,0","EA",7634891,"1526,98"]
["00110971-02-S751","Handle - Grab FRONT - Driver-Side","hold","B","39,0","EA",1514945,"5908,29"]
["00110973-02-S751","Handle - Grab REAR - Driver-Side","hold","B","58,0","EA",1514945,"8786,68"]
["00111649-01-0000","Seal - Door Trim Уплотнитель пластик","hold","B",4770,"EA",12075,"5759,78"]
["00113003-01-0000","Foam - Strip Уплотнитель 60*50*21","hold","C","420,0","EA",2247,"943,74"]
["00113135-01-0000","Clip - Trim 10.0 Клипса 6.0x15.0","hold","C",180000,"EA","0,56016","100829,61"]
["00007169-01-0000","Bumper","kaluga 2","B",3673,"EA",34108,"12527,86"]
["00023516-01-0000","Bumper - IP BUTEE PALETTE T8X","kaluga 2","B",15372,"EA",163486,"25131,08"]
["00075966-01-0000","Pin - Retaining 5.0 Plastic Push In","kaluga 2","B",9657,"EA",137344,"13263,33"]
["00079721-01-RTRM","Thermoplastic - PP, Copo Hostacom CR 250F (Precol","kaluga 2","A",3200000,"G","0,09037","289195,2"]
["00079721-01-V106","Thermoplastic - PP, Copo Hostacom CR 250F (Precol","kaluga 2","B",19627085,"G","0,0756","1483807,63"]
["00108637-01-0000","Thermoplastic - PP, Homo Hostacom M2 U02 (Black)","kaluga 2","A",2200000,"G","0,06078","133725,9"]
["00123371-01-0000","Screw 4.0x1.8x14.0 Pan Flange","kaluga 2","C",19416,"EA","0,6888","13373,74"]
["00138277-01-V106","Thermoplastic - PP, Copo ПластикHostacom X M2V05","kaluga 2","C",13300000,"G","0,07067","939844,5"]
["00141369-01-V106","Panel - IP Insert","kaluga 2","C","904,0","EA",13695644,"123808,62"]
["00141370-01-0000","Pad - Foam Cluster felt (feutrine c","kaluga 2","C",21128,"EA","0,47303","9994,07"]
["00141372-01-V106","Panel - Upper Top cover (Plastron)","kaluga 2","C","147,0","EA",9244522,"13589,45"]
["00141374-01-0000","Duct - Defroster Windscr Windscreen demist grid (","kaluga 2","C","216,0","EA",17398355,"37580,45"]
["00141376-01-0000","Reinforcement Assembly - Airbag reinforcement ass","kaluga 2","C",3328,"EA",2401455,"799204,22"]
["00141513-01-0000","Door Assembly - Airbag Airbag flap assy (volet","kaluga 2","C","283,0","EA",7076635,"20026,88"]
["00141528-01-AFXX","Reinforcement - IP Central structure (struc","kaluga 2","C","373,0","EA",5708328,"21292,06"]
["00141529-01-0000","Plate - Metal Central steel plate (ren","kaluga 2","C",2138,"EA",208425,"44561,27"]
["00141530-02-RTRM","Bezel - IP Center Central side (habillage","kaluga 2","C","50,0","EA",6238468,"3119,23"]
["00141530-02-V106","Bezel - IP Center Central side (habillage","kaluga 2","C","396,0","EA",5703667,"22586,52"]
["00141531-01-0000","Seal - IP Windscreen adhesive (joi","kaluga 2","C",7910,"EA",374898,"296544,31"]
["00141532-01-0000","Seal - IP Lateral airvent seal (jo","kaluga 2","C",14580,"EA",414939,"60498,11"]
["00141533-01-0000","Housing - IP Left IP rib (nervure mon","kaluga 2","C",4962,"EA",544005,"26993,53"]
["00141534-01-V106","Hider - Gap TEP Part","kaluga 2","C",4953,"EA",2904578,"143863,76"]
["00141618-01-V106","Panel - Console Low level console","kaluga 2","C","69,0","EA",16491051,"11378,83"]
["00141646-01-V106","Cap - Console Panel Left cover side HAVAC (c","kaluga 2","C","196,0","EA",547631,"10733,57"]
["00141649-01-V106","Cap - Console Panel Right cover side HAVAC (","kaluga 2","C","168,0","EA",847701,"14241,38"]
["00141650-01-V106","Cupholder - Console Stat Панель консоли центр","kaluga 2","B",1999,"EA",2431485,"48605,39"]
["00141652-01-V106","Cap Assembly - Console P Крышка диагн разъема","kaluga 2","B",5000,"EA",149121,"74560,5"]
["00141665-01-V106","Panel - Console Middle level console (co","kaluga 2","C","643,0","EA",18683451,"120134,59"]
["00141668-01-V106","Box - Console Console storage (rangeme","kaluga 2","C","832,0","EA",9022705,"75068,91"]
["00141670-01-V106","Housing - Console Cruise control support (","kaluga 2","C",6771,"EA",913395,"61845,98"]
["00141672-01-V106","Mat - Console Console carpet (tapis fo","kaluga 2","C",5197,"EA",356848,"18545,38"]
["00141737-01-V106","Box - IP Box (cuve vide-poches)","kaluga 2","C","143,0","EA",15551369,"22238,46"]
["00141742-01-RTRM","Lid - IP Upper door (fa?§ade port","kaluga 2","C","24,0","EA",6919321,"1660,64"]
["00141742-01-V106","Lid - IP Upper door (fa?§ade port","kaluga 2","C","501,0","EA",6313607,"31631,17"]
["00141744-01-RTRM","Latch - IP Handle (palette)","kaluga 2","C","196,0","EA",3568425,"6994,11"]
["00141744-01-V106","Latch - IP Handle (palette)","kaluga 2","C",3001,"EA",1918875,"57585,44"]
["00141746-01-0000","Spring - IP Handle spring (ressort p","kaluga 2","C",13866,"EA",75768,"105059,91"]
["00141749-01-RTRM","Lid - IP Inner door (doublure por","kaluga 2","C","22,0","EA",8726791,"1919,89"]
["00141749-01-V106","Lid - IP Inner door (doublure por","kaluga 2","C","497,0","EA",7825607,"38893,27"]
["00141751-01-0000","Pin - IP Door axis (axe portillon","kaluga 2","C",8362,"EA",507886,"42469,43"]
["00141752-01-0000","Damper - IP Damper (ralentisseur)","kaluga 2","C",3346,"EA",3885496,"130008,68"]
["00141755-01-V106","Box - IP Lighting support (trappe","kaluga 2","C",2467,"EA",233457,"57593,84"]
["00141761-01-V106","Bezel - Cluster Upper visor (dessus visi","kaluga 2","C","663,0","EA",5440222,"36068,67"]
["00141767-01-0000","Reinforcement - IP Trim IP body renfort (Re","kaluga 2","C",2492,"EA",280455,"69889,39"]
["00141768-01-0000","Pad - Foam Soundproof IP body renfo","kaluga 2","C","538,0","EA","0,87552","471,03"]
["00141770-01-V106","Trim Assembly - IP Decor Облицовка панели лев","kaluga 2","B",1800,"EA",2126145,"38270,61"]
["00141773-01-V106","Panel - End Left cover side (joue de","kaluga 2","C","360,0","EA",3755618,"13520,23"]
["00141775-01-V106","Panel - End Right cover side (joue d","kaluga 2","C","426,0","EA",383335,"16330,07"]
["00141780-01-V106","Trim - IP Decorative Upper trim passenger (ha","kaluga 2","C","30,0","EA",6965451,"2089,64"]
["00141829-01-V106","Shroud Assembly - Steeri Нижн часть накладки","kaluga 2","B",1400,"EA",262248,"36714,72"]
["00141831-01-V106","Switch Pack - IP Панель консоли","kaluga 2","B",2520,"EA",132657,"33429,56"]
["00141833-01-V106","Bezel - IP Fascia A2/A3 upper part","kaluga 2","C","3,0","EA",4754567,"142,64"]
["00141834-01-V106","Cap - IP Panel Заглушка поперечины","kaluga 2","B",2000,"EA",694365,"13887,3"]
["00141840-01-V106","Bezel - IP Fascia A2/A3 inner part","kaluga 2","C","7,0","EA",4603367,"322,24"]
["00141841-01-0000","Bracket - IP Прижимная пластина","kaluga 2","B",2556,"EA",497175,"12707,79"]
["00141842-02-0000","Duct Assembly - Air Воздуховод централ","kaluga 2","C","710,0","EA",7516635,"53368,11"]
["00141849-02-0000","Duct - Air Воздуховод передний","kaluga 2","B","484,0","EA",863835,"41809,61"]
["00141878-01-V106","Grille Assembly - Demist Left airvent assy with c","kaluga 2","C",1154,"EA",31996004,"369233,89"]
["00141880-01-V106","Grille Assembly - Demist Right airvent assy with","kaluga 2","C","858,0","EA",31996004,"274525,72"]
["00144367-01-0000","Pad - Foam Swan neck felt (Feutrine","kaluga 2","C",2284,"EA","0,42738","976,14"]
["00144985-01-0000","Housing - IP Right IP rib (nervure mo","kaluga 2","C",2986,"EA",544005,"16243,99"]
["00151087-01-0000","Clip - Trim 1.8 Tab Single Sided Pus","kaluga 2","C",6253,"EA",278839,"17435,81"]
["00151088-01-0000","Clip - Trim 1.85 Tab to 8.0x15.0 Slo","kaluga 2","C",136492,"EA",168465,"229941,45"]
["00151089-01-0000","Nut 4.0 Plastic U-Style 2.5-","kaluga 2","C",26678,"EA",165561,"44168,32"]
["00151100-01-0000","Nut M5.0x0.8 0.5-4.0 Panel U","kaluga 2","C",7251,"EA",430707,"31230,55"]
["00155611-01-0000","Clip Fuse hook","kaluga 2","C",4060,"EA",228216,"9265,59"]
["00155897-01-0000","Adhesive - Polyurethane SikaCure-4901 BL (Black)","kaluga 2","C","40191,13","G","0,79461","31936,21"]
["00156297-01-0000","Adhesive - Polyurethane SikaTherm-4280 (White)","kaluga 2","C","730370,25","G","0,21287","155471,36"]
["00158509-01-V106","Thermoplastic - Other Roll - TEPEO-SF 503719 -","kaluga 2","C","2456,24","M",18049879,"443348,35"]
["00178463-01-0000","Screw 5.0X2.24X14.0 PAN FLG HD","kaluga 2","C",11678,"EA","0,96681","11290,39"]
["00179053-01-V106","Thermoplastic - Other TPO Foil - TEPEO-SF 5037","kaluga 2","C","3910,46","M",24190988,"945978,9"]
["00185969-01-0000","Screw 4.0X1.79X14.0 PN FLG TOR","kaluga 2","C",13073,"EA","0,6888","9004,68"]
["00190951-01-V106","Grille Assembly - Demist Left airvent assy with c","kaluga 2","C","507,0","EA",26390169,"133798,16"]
["00190952-01-V106","Grille Assembly - Demist Right airvent assy with","kaluga 2","C","492,0","EA",26390169,"129839,63"]
["00190954-01-T172","Grille Assembly - Demist Left airvent assy with c","kaluga 2","C",1928,"EA",33983566,"655203,15"]
["00190955-01-T172","Grille Assembly - Demist Rightairvent assy with c","kaluga 2","C",1848,"EA",33983566,"628016,3"]
["00190956-01-V358","Grille Assembly - Demist Left airvent assy with c","kaluga 2","C","369,0","EA",35394362,"130605,2"]
["00190957-01-V358","Grille Assembly - Demist Right airvent assy with","kaluga 2","C","370,0","EA",35394362,"130959,14"]
["AE80138","Pallet Box AE 80138 090919E-V10 VW2","kaluga 2","C","-1359,38","EA","0,00","0,00"]
["AE80138","Pallet Box AE 80138 090919E-V10 VW2","ML","C","-216,0","EA","0,00","0,00"]
["BAC-O-6422","Tote Plastic box Renault/Niss","ML","C","-11,0","EA","0,00","0,00"]
["00078935-01-S751","Thermoplastic - PP, Othe Полиофин HostacomTRC352N","MOLD","A","19381506,6","G","0,07639","1480504,83"]
["00079721-01-V106","Thermoplastic - PP, Copo Hostacom CR 250F (Precol","MOLD","B",685084,"G","0,0756","51792,35"]
["00108637-01-0000","Thermoplastic - PP, Homo Hostacom M2 U02 (Black)","MOLD","A",2070806,"G","0,06078","125872,91"]
["00114036-01-S751","Thermoplastic - PP, Copo Полиофин 9067 Чёрный","MOLD","A","16122050,5","G","0,07345","1184124,3"]
["00114036-01-S752","Thermoplastic - PP, Copo Полиофин Hostacom9067HS","MOLD","A",2540266,"G","0,07345","186576,19"]
["00138277-01-V106","Thermoplastic - PP, Copo ПластикHostacom X M2V05","MOLD","C",2650389,"G","0,07067","187289,74"]
["00148934-01-0000","Thermoplastic - (TPS) Multiflex TES 2803 SI1 B","MOLD","C",541514,"G","0,14606","79090,83"]
["ae80138","Pallet Box AE 80138 090919E-V10 VW2","MOLD","C",-39996,"EA","0,00","0,00"]
["BAC-O-6422","Tote Plastic box Renault/Niss","MOLD","C",-39498,"EA","0,00","0,00"]
["GT13337","Packaging Assy Durable VW114888 container with","PACK","C","1,0","EA","0,00","0,00"]
["VW001210","Cover - Durable VW001210 1204x1006x94 mm","PACK","C","3,0","EA","0,00","0,00"]
["VW114777","Pallet Box 114777 1235x835x932 VW r","PACK","C","21,0","EA","0,00","0,00"]
["VW114888","Pallet Box 114888 1210x1010x1000 VW","PACK","C","211,0","EA","0,00","0,00"]
["VW114999","Pallet Box 114999-1602x1202x760 VW","PACK","C","39,0","EA","0,00","0,00"]
["VW523786","Tote 523786 VW owned EPP box","PACK","C","660,0","EA","0,00","0,00"]
["VW524486","Partition - Durable AE80129 Textile partitio","PACK","C",1000,"EA","0,00","0,00"]
["00007169-01-0000","Bumper","pp wh","B",16960,"EA",34108,"57847,15"]
["00073411-01-0000","Bushing Втулка стальная","pp wh","B",90000,"EA","0,69295","62365,28"]
["00075966-01-0000","Pin - Retaining 5.0 Plastic Push In","pp wh","B",1200,"EA",137344,"1648,13"]
["00078935-01-S751","Thermoplastic - PP, Othe Полиофин HostacomTRC352N","pp wh","A","1423492,5","G","0,07639","108737,03"]
["00110943-02-S445","Switch - Window Переключатель 1 кн CL","pp wh","B",10560,"EA",5873887,"620282,46"]
["00110967-02-S755","Skin - Armrest Shaped Флисовое полотно передне","pp wh","B",13919,"EA",5228241,"727718,84"]
["00110968-02-S755","Skin - Armrest Shaped Флисовое полотно заднее","pp wh","B",3105,"EA",502077,"155894,92"]
["00110969-01-S751","Switch - Mirror Повор переключ зерк","pp wh","B",8820,"EA",9607515,"847382,8"]
["00110983-02-S661","Handle - Release LEFT","pp wh","B",23520,"EA",3417029,"803685,14"]
["00110984-02-S661","Handle - Release RIGHT","pp wh","B",35280,"EA",3417029,"1205527,71"]
["00110989-02-S445","Switch - Window Переключатель 1 кн TL","pp wh","B",10560,"EA",5432391,"573660,52"]
["00110990-02-S445","Switch - Window Переключатель 2 кн","pp wh","A",2730,"EA",30257822,"826038,53"]
["00110994-01-S445","Bezel - DT Облицовка с 1 кн TL CL","pp wh","B",21512,"EA",734028,"157904,04"]
["00110995-01-S445","Bezel - DT Облицовка с 2 кн TL CL","pp wh","B",6912,"EA",1295856,"89569,6"]
["00110996-01-S445","Bezel - DT Накладна переключателя 4","pp wh","B",2304,"EA",1295856,"29856,53"]
["00111651-02-0000","Insulator BUMPER - Door Release Ha","pp wh","B",14000,"EA",310375,"43452,47"]
["00111654-02-0000","Spring - Shaft Axis Shaft","pp wh","B",60000,"EA",1167225,"700335,09"]
["00111850-01-0000","Indicator - LED Светодиодная лампочка","pp wh","B",18000,"EA",1348139,"242665,04"]
["00111852-01-S751","Bezel - DT Облицовка индикатора","pp wh","B",9000,"EA",282158,"25394,23"]
["00112165-01-0000","Clip - Trim 4.2 Tab to 8.0 Slot 2.5","pp wh","B",27562,"EA",120332,"33165,93"]
["00112166-01-0000","Pin - Retaining Клипса 8.2 X 0.7-1.5","pp wh","B",79362,"EA","0,67635","53676,25"]
["00112743-01-0000","Pin - Retaining Клипса пласт для порога","pp wh","C",27657,"EA","0,31949","8836,25"]
["00112938-03-S752","Non Core Reinforcement Hook - Pil","pp wh","C",6200,"EA",852495,"52854,69"]
["00112939-03-S752","Non Core Reinforcement Hook - Pil","pp wh","C",6200,"EA",852495,"52854,69"]
["00112992-03-S752","Non Core HANDLE LH - for Seat Bel","pp wh","C",5760,"EA",475944,"27414,37"]
["00112993-03-S752","Non Core HANDLE RH - for Seat Bel","pp wh","C",6080,"EA",475944,"28937,4"]
["00112994-04-S752","Non Core SLIDER LH - for Seat Bel","pp wh","C",5760,"EA",1863488,"107336,88"]
["00112995-04-S752","Non Core SLIDER RH - for Seat Bel","pp wh","C",5760,"EA",1863488,"107336,88"]
["00113001-02-0000","Foam - Strip Уплотнитель  55*30*36","pp wh","C",27359,"EA",2205,"60326,6"]
["00113002-03-0000","Foam - Strip Support Block - Rear-Wit","pp wh","C",4497,"EA",49035,"22051,04"]
["00113003-01-0000","Foam - Strip Уплотнитель 60*50*21","pp wh","C",12780,"EA",2247,"28716,66"]
["00113135-01-0000","Clip - Trim 10.0 Клипса 6.0x15.0","pp wh","C",237329,"EA","0,56016","132943,28"]
["00113268-02-0000","Insulator Felt Pad - 80x15x2","pp wh","C",96000,"EA","0,83526","80185,39"]
["00113269-02-0000","Insulator Шумоиз.панель 278*267*10","pp wh","C",4778,"EA",197295,"94267,55"]
["00113557-02-0000","Spring Handle Release Lever - L","pp wh","C",20000,"EA",176059,"35211,75"]
["00113558-01-0000","Spring Handle Release Lever - R","pp wh","C",20000,"EA",176059,"35211,75"]
["00127817-01-S839","Insulator - NVH IT Фетровая лента самоклеющ","pp wh","C",124752,"EA","0,28008","34940,17"]
["00127840-01-S839","Insulator - NVH IT Felt Pad B-Pillar","pp wh","C",3840,"EA","0,47551","1825,97"]
["00127840-03-S839","Insulator - NVH IT Felt Pad B-Pillar","pp wh","C",80000,"EA","0,95353","76282,08"]
["00132937-01-S445","Switch - Window Переключатель 2 кн CL","pp wh","A",4480,"EA",14087619,"631125,33"]
["00133626-02-S751","Insulator Insulator - Felt Pad - 3","pp wh","C","974,0","EA","0,46431","452,24"]
["00136345-01-0000","Bumper - Console - Tempo","pp wh","C","984,0","EA",155602,"1531,12"]
["00141518-01-0000","Hinge - IP Airbag Net (filet)","pp wh","C",3608,"EA",1950216,"70363,81"]
["00141531-01-0000","Seal - IP Windscreen adhesive (joi","pp wh","C","460,0","EA",374898,"17245,31"]
["00141767-01-0000","Reinforcement - IP Trim IP body renfort (Re","pp wh","C",1200,"EA",280455,"33654,6"]
["00141768-01-0000","Pad - Foam Soundproof IP body renfo","pp wh","C",20800,"EA","0,87552","18210,85"]
["00141831-01-V106","Switch Pack - IP Панель консоли","pp wh","B",2520,"EA",132657,"33429,56"]
["00141834-01-V106","Cap - IP Panel Заглушка поперечины","pp wh","B",1568,"EA",694365,"10887,64"]
["00141841-01-0000","Bracket - IP Прижимная пластина","pp wh","B",2000,"EA",497175,"9943,5"]
["00144367-01-0000","Pad - Foam Swan neck felt (Feutrine","pp wh","C",17600,"EA","0,42738","7521,91"]
["00144985-01-0000","Housing - IP Right IP rib (nervure mo","pp wh","C",2000,"EA",544005,"10880,1"]
["00151088-01-0000","Clip - Trim 1.85 Tab to 8.0x15.0 Slo","pp wh","C",36000,"EA",168465,"60647,45"]
["00178474-01-0000","Screw 4.0X1.8X12.0 PAN FLG HD","pp wh","C",53000,"EA","0,89627","47502,28"]
["00183043-01-0000","Clip - Trim 10.0 DGHSE + 4.8X15.0 SL","pp wh","C",91924,"EA","0,78008","71707,75"]
["00190954-01-T172","Grille Assembly - Demist Left airvent assy with c","pp wh","C","768,0","EA",33983566,"260993,79"]
["00190955-01-T172","Grille Assembly - Demist Rightairvent assy with c","pp wh","C","768,0","EA",33983566,"260993,79"]
["ae80138","Pallet Box AE 80138 090919E-V10 VW2","pp wh","C",-139936,"EA","0,00","0,00"]
["BAC-O-6422","Tote Plastic box Renault/Niss","pp wh","C","-398,0","EA","0,00","0,00"]
["00110939-02-S751","Cover - Grab Handle Накладка на ручку ЗЛ","TG","A",1322,"EA",7634891,"100933,26"]
["00110941-02-S751","Cover - Grab Handle Накладка на ручку ПЛзер","TG","A","975,0","EA",7634891,"74440,19"]
["00110971-02-S751","Handle - Grab FRONT - Driver-Side","TG","B","20,0","EA",1514945,"3029,89"]
["00110972-02-S751","Handle - Grab FRT/RR- Co-Driver-Side","TG","B","80,0","EA",1514945,"12119,56"]
["00110973-02-S751","Handle - Grab REAR - Driver-Side","TG","B",2953,"EA",1514945,"447363,27"]
["AE80138","Pallet Box AE 80138 090919E-V10 VW2","TG","C","-330,0","EA","0,00","0,00"]
["Report Criteria:","Report Submitted By:       ba","","tch"]
["Item Number:","To:",""]
["Prod Line:","To:",""]
["Supplier:","To:",""]
["ABC Class:","To:",""]
["Site: 430","5                          To: 4305",""]
["Location:","To:",""]
["Group:","To:",""]
["Item Type:","To:",""]
["Include Neg","ative Inventory: yes",""]
["Include Non-net","table Inventory: yes",""]
["Includ","e Zero Quantity: no",""]
["Accept Ze","ro Initial Cost: yes",""]
["Cus","tomer Consigned: Exclude",""]
["Sup","plier Consigned: Exclude",""]
["Recalculate De","leted Locations: yes                      Output:","","ppp","trp07"]

{"sheet":"macros","index":2,"n_rows":0,"n_cols":0,"rows_kept":0,"cut":false,"hidden":false,"merged":[]}